{"text_format":"3","workbook":"xlsx","n_sheets":17,"sheets":["部门财务收支预算总表01-1","部门收入预算表01-2","部门支出预算表01-3","部门财政拨款收支预算总表02-1","一般公共预算支出预算表02-2","一般公共预算“三公”经费支出预算表03","部门基本支出预算表04","部门项目支出预算表05-1","部门项目支出绩效目标表05-2","部门政府性基金预算支出预算表06","部门政府采购预算表07","部门政府购买服务预算表08","省对下转移支付预算表09-1","省对下转移支付绩效目标表09-2","新增资产配置表10","中央转移支付补助项目支出预算表11","部门项目中期规划预算表12"],"read":"whole","date_system":"1900"}

{"sheet":"部门财务收支预算总表01-1","index":0,"n_rows":21,"n_cols":4,"rows_kept":21,"merged":[[1,0,1,3],[2,0,2,1],[3,0,3,1],[3,2,3,3],[4,0,5,0],[4,1,5,1],[4,2,5,2],[4,3,5,3]]}
[{"$nulls":3},"预算01-1表"]
["2025年部门财务收支预算总表"]
[{"$f":"\"单位名称：\"&\"云南省水利水电科学研究院\"","v":"单位名称：云南省水利水电科学研究院"},null,null,"单位：元"]
["收        入",null,"支        出"]
["项      目","预算数","项目（按功能分类）","预算数"]
[]
["一、一般公共预算拨款收入",{"v":19922922.2,"d":"19,922,922.20"},{"$f":"\"一\"&\"、\"&\"科学技术支出\"","v":"一、科学技术支出"},{"v":18384188.16,"d":"18,384,188.16"}]
["二、政府性基金预算拨款收入",null,{"$f":"\"二\"&\"、\"&\"社会保障和就业支出\"","v":"二、社会保障和就业支出"},{"v":1549910.25,"d":"1,549,910.25"}]
["三、国有资本经营预算拨款收入",null,{"$f":"\"三\"&\"、\"&\"卫生健康支出\"","v":"三、卫生健康支出"},{"v":1740946.63,"d":"1,740,946.63"}]
["四、财政专户管理资金收入",null,{"$f":"\"四\"&\"、\"&\"农林水支出\"","v":"四、农林水支出"},{"v":4692659,"d":"4,692,659.00"}]
["五、单位资金",{"v":7499459,"d":"7,499,459.00"},{"$f":"\"五\"&\"、\"&\"住房保障支出\"","v":"五、住房保障支出"},{"v":1054677.16,"d":"1,054,677.16"}]
["1、事业收入"]
["2、事业单位经营收入"]
["3、上级补助收入"]
["4、附属单位上缴收入"]
["5、其他收入",{"v":7499459,"d":"7,499,459.00"}]
["本年收入合计",{"v":27422381.2,"d":"27,422,381.20"},"本年支出合计",{"v":27422381.2,"d":"27,422,381.20"}]
["上年结转结余",null,"年终结转结余"]
["1、财政拨款结转结余",null,"1、财政拨款结转结余"]
["2、使用非财政拨款结余",null,"2、非财政拨款结余"]
["收  入  总  计",{"v":27422381.2,"d":"27,422,381.20"},"支 出 总 计",{"v":27422381.2,"d":"27,422,381.20"}]

{"sheet":"部门收入预算表01-2","index":1,"n_rows":9,"n_cols":19,"rows_kept":9,"merged":[[0,17,0,18],[1,0,1,18],[2,0,2,3],[2,17,2,18],[3,0,5,0],[3,1,5,1],[3,2,5,2],[3,3,3,13],[3,14,3,18],[4,3,5,3],[4,4,5,4],[4,5,5,5],[4,6,5,6],[4,7,5,7],[4,8,4,13],[4,14,5,14],[4,15,5,15],[4,16,5,16],[4,17,5,17],[4,18,5,18]]}
[{"$nulls":17},"预算01-2表"]
["2025年部门收入预算表"]
[{"$f":"\"单位名称：\"&\"云南省水利水电科学研究院\"","v":"单位名称：云南省水利水电科学研究院"},{"$nulls":16},"单位：元","单位:元"]
["部门（单位）代码","部门（单位）名称","合计","本年收入",{"$nulls":10},"上年结转结余"]
[{"$nulls":3},"小计","一般公共预算","政府性基金预算","国有资本经营预算","财政专户管理资金","单位资金收入",null,"事业单位经营收入","上级补助收入","附属单位上缴收入","其他收入","小计","一般公共预算","政府性基金预算","国有资本经营预算","使用非财政拨款结余"]
[{"$nulls":8},"小计","事业收入","事业单位经营收入","上级补助收入","附属单位上缴收入","其他收入"]
[1,2,3,4,5,6,7,8,9,10,11,12,13,14,15,16,17,18,19]
["126016","云南省水利水电科学研究院",{"v":27422381.2,"d":"27,422,381.20"},{"v":27422381.2,"d":"27,422,381.20"},{"v":19922922.2,"d":"19,922,922.20"},{"$nulls":3},{"v":7499459,"d":"7,499,459.00"},{"$nulls":4},{"v":7499459,"d":"7,499,459.00"}]
["合计",null,{"v":27422381.2,"d":"27,422,381.20"},{"v":27422381.2,"d":"27,422,381.20"},{"v":19922922.2,"d":"19,922,922.20"},{"$nulls":3},{"v":7499459,"d":"7,499,459.00"},{"$nulls":4},{"v":7499459,"d":"7,499,459.00"}]

{"sheet":"部门支出预算表01-3","index":2,"n_rows":31,"n_cols":15,"rows_kept":31,"merged":[[1,0,1,14],[2,0,2,11],[3,0,4,0],[3,1,4,1],[3,2,4,2],[3,3,3,5],[3,6,4,6],[3,7,4,7],[3,8,4,8],[3,9,3,14],[30,0,30,1]]}
[{"$nulls":14},"预算01-3表"]
["2025年部门支出预算表"]
[{"$f":"\"单位名称：\"&\"云南省水利水电科学研究院\"","v":"单位名称：云南省水利水电科学研究院"},{"$nulls":13},"单位：元"]
["科目编码","科目名称","合计","一般公共预算",null,null,"政府性基金预算","国有资本经营预算","财政专户管理的支出","单位资金","事业支出","事业单位\n经营支出","上级补助支出","附属单位补助支出","其他支出"]
[{"$nulls":3},"小计","基本支出","项目支出",{"$nulls":3},"小计","事业支出","事业单位\n经营支出","上级补助支出","附属单位补助支出","其他支出"]
[1,2,3,4,5,6,7,8,9,10,11,12,13,14,15]
["206","科学技术支出",{"v":18384188.16,"d":"18,384,188.16"},{"v":13384188.16,"d":"13,384,188.16"},{"v":11384188.16,"d":"11,384,188.16"},{"v":2000000,"d":"2,000,000.00"},{"$nulls":3},{"v":5000000,"d":"5,000,000.00"},{"$nulls":4},{"v":5000000,"d":"5,000,000.00"}]
["20603","应用研究",{"v":18384188.16,"d":"18,384,188.16"},{"v":13384188.16,"d":"13,384,188.16"},{"v":11384188.16,"d":"11,384,188.16"},{"v":2000000,"d":"2,000,000.00"},{"$nulls":3},{"v":5000000,"d":"5,000,000.00"},{"$nulls":4},{"v":5000000,"d":"5,000,000.00"}]
["2060301","机构运行",{"v":18384188.16,"d":"18,384,188.16"},{"v":13384188.16,"d":"13,384,188.16"},{"v":11384188.16,"d":"11,384,188.16"},{"v":2000000,"d":"2,000,000.00"},{"$nulls":3},{"v":5000000,"d":"5,000,000.00"},{"$nulls":4},{"v":5000000,"d":"5,000,000.00"}]
["208","社会保障和就业支出",{"v":1549910.25,"d":"1,549,910.25"},{"v":1549910.25,"d":"1,549,910.25"},{"v":1549910.25,"d":"1,549,910.25"}]
["20805","行政事业单位养老支出",{"v":1479159.52,"d":"1,479,159.52"},{"v":1479159.52,"d":"1,479,159.52"},{"v":1479159.52,"d":"1,479,159.52"}]
["2080502","事业单位离退休",{"v":34380,"d":"34,380.00"},{"v":34380,"d":"34,380.00"},{"v":34380,"d":"34,380.00"}]
["2080505","机关事业单位基本养老保险缴费支出",{"v":1444779.52,"d":"1,444,779.52"},{"v":1444779.52,"d":"1,444,779.52"},{"v":1444779.52,"d":"1,444,779.52"}]
["20899","其他社会保障和就业支出",{"v":70750.73,"d":"70,750.73"},{"v":70750.73,"d":"70,750.73"},{"v":70750.73,"d":"70,750.73"}]
["2089999","其他社会保障和就业支出",{"v":70750.73,"d":"70,750.73"},{"v":70750.73,"d":"70,750.73"},{"v":70750.73,"d":"70,750.73"}]
["210","卫生健康支出",{"v":1740946.63,"d":"1,740,946.63"},{"v":1740946.63,"d":"1,740,946.63"},{"v":1740946.63,"d":"1,740,946.63"}]
["21011","行政事业单位医疗",{"v":1740946.63,"d":"1,740,946.63"},{"v":1740946.63,"d":"1,740,946.63"},{"v":1740946.63,"d":"1,740,946.63"}]
["2101102","事业单位医疗",{"v":1087626.18,"d":"1,087,626.18"},{"v":1087626.18,"d":"1,087,626.18"},{"v":1087626.18,"d":"1,087,626.18"}]
["2101103","公务员医疗补助",{"v":600670.45,"d":"600,670.45"},{"v":600670.45,"d":"600,670.45"},{"v":600670.45,"d":"600,670.45"}]
["2101199","其他行政事业单位医疗支出",{"v":52650,"d":"52,650.00"},{"v":52650,"d":"52,650.00"},{"v":52650,"d":"52,650.00"}]
["213","农林水支出",{"v":4692659,"d":"4,692,659.00"},{"v":2193200,"d":"2,193,200.00"},null,{"v":2193200,"d":"2,193,200.00"},{"$nulls":3},{"v":2499459,"d":"2,499,459.00"},{"$nulls":4},{"v":2499459,"d":"2,499,459.00"}]
["21303","水利",{"v":4692659,"d":"4,692,659.00"},{"v":2193200,"d":"2,193,200.00"},null,{"v":2193200,"d":"2,193,200.00"},{"$nulls":3},{"v":2499459,"d":"2,499,459.00"},{"$nulls":4},{"v":2499459,"d":"2,499,459.00"}]
["2130310","水土保持",{"v":313200,"d":"313,200.00"},{"v":313200,"d":"313,200.00"},null,{"v":313200,"d":"313,200.00"}]
["2130311","水资源节约管理与保护",{"v":3983059,"d":"3,983,059.00"},{"v":1670000,"d":"1,670,000.00"},null,{"v":1670000,"d":"1,670,000.00"},{"$nulls":3},{"v":2313059,"d":"2,313,059.00"},{"$nulls":4},{"v":2313059,"d":"2,313,059.00"}]
["2130314","防汛",{"v":210000,"d":"210,000.00"},{"v":210000,"d":"210,000.00"},null,{"v":210000,"d":"210,000.00"}]
["2130315","抗旱",{"v":150000,"d":"150,000.00"},{"$nulls":6},{"v":150000,"d":"150,000.00"},{"$nulls":4},{"v":150000,"d":"150,000.00"}]
["2130319","江河湖库水系综合整治",{"v":36400,"d":"36,400.00"},{"$nulls":6},{"v":36400,"d":"36,400.00"},{"$nulls":4},{"v":36400,"d":"36,400.00"}]
["221","住房保障支出",{"v":1054677.16,"d":"1,054,677.16"},{"v":1054677.16,"d":"1,054,677.16"},{"v":1054677.16,"d":"1,054,677.16"}]
["22102","住房改革支出",{"v":1054677.16,"d":"1,054,677.16"},{"v":1054677.16,"d":"1,054,677.16"},{"v":1054677.16,"d":"1,054,677.16"}]
["2210201","住房公积金",{"v":1054677.16,"d":"1,054,677.16"},{"v":1054677.16,"d":"1,054,677.16"},{"v":1054677.16,"d":"1,054,677.16"}]
["合  计","合  计",{"v":27422381.2,"d":"27,422,381.20"},{"v":19922922.2,"d":"19,922,922.20"},{"v":15729722.2,"d":"15,729,722.20"},{"v":4193200,"d":"4,193,200.00"},{"$nulls":3},{"v":7499459,"d":"7,499,459.00"},{"$nulls":4},{"v":7499459,"d":"7,499,459.00"}]

{"sheet":"部门财政拨款收支预算总表02-1","index":3,"n_rows":16,"n_cols":4,"rows_kept":16,"merged":[[1,0,1,3],[2,0,2,1],[3,0,3,1],[3,2,3,3],[4,0,5,0],[4,1,5,1],[4,2,5,2],[4,3,5,3]]}
[{"$nulls":3},"预算02-1表"]
["2025年部门财政拨款收支预算总表"]
[{"$f":"\"单位名称：\"&\"云南省水利水电科学研究院\"","v":"单位名称：云南省水利水电科学研究院"},null,null,"单位：元"]
["收        入",null,"支        出"]
["项      目","预算数","支出功能分类科目","预算数"]
[]
["一、本年收入",{"v":19922922.2,"d":"19,922,922.20"},"一、本年支出",{"v":19922922.2,"d":"19,922,922.20"}]
["（一）一般公共预算拨款",{"v":19922922.2,"d":"19,922,922.20"},{"$f":"\"（一）\"&\"科学技术支出\"","v":"（一）科学技术支出"},{"v":13384188.16,"d":"13,384,188.16"}]
["（二）政府性基金预算拨款",null,{"$f":"\"（二）\"&\"社会保障和就业支出\"","v":"（二）社会保障和就业支出"},{"v":1549910.25,"d":"1,549,910.25"}]
["（三）国有资本经营预算拨款",null,{"$f":"\"（三）\"&\"卫生健康支出\"","v":"（三）卫生健康支出"},{"v":1740946.63,"d":"1,740,946.63"}]
["二、上年结转",null,{"$f":"\"（四）\"&\"农林水支出\"","v":"（四）农林水支出"},{"v":2193200,"d":"2,193,200.00"}]
["（一）一般公共预算拨款",null,{"$f":"\"（五）\"&\"住房保障支出\"","v":"（五）住房保障支出"},{"v":1054677.16,"d":"1,054,677.16"}]
["（二）政府性基金预算拨款"]
["（三）国有资本经营预算拨款"]
[null,null,"二、年终结转结余"]
["收 入 总 计",{"v":19922922.2,"d":"19,922,922.20"},"支 出 总 计",{"v":19922922.2,"d":"19,922,922.20"}]

{"sheet":"一般公共预算支出预算表02-2","index":4,"n_rows":29,"n_cols":7,"rows_kept":29,"merged":[[1,0,1,6],[2,0,2,4],[3,0,3,1],[3,2,4,2],[3,3,3,5],[3,6,4,6],[28,0,28,1]]}
[{"$nulls":6},"预算02-2表"]
["2025年一般公共预算支出预算表（按功能科目分类）"]
[{"$f":"\"单位名称：\"&\"云南省水利水电科学研究院\"","v":"单位名称：云南省水利水电科学研究院"},{"$nulls":5},"单位：元"]
["部门预算支出功能分类科目",null,"合计","基本支出",null,null,"项目支出"]
["科目编码","科目名称",null,"小计","人员经费","公用经费"]
["1","2","3",null,"4","5","6"]
["206","科学技术支出",{"v":13384188.16,"d":"13,384,188.16"},{"v":11384188.16,"d":"11,384,188.16"},{"v":10429986.4,"d":"10,429,986.40"},{"v":954201.76,"d":"954,201.76"},{"v":2000000,"d":"2,000,000.00"}]
["20603","应用研究",{"v":13384188.16,"d":"13,384,188.16"},{"v":11384188.16,"d":"11,384,188.16"},{"v":10429986.4,"d":"10,429,986.40"},{"v":954201.76,"d":"954,201.76"},{"v":2000000,"d":"2,000,000.00"}]
["2060301","机构运行",{"v":13384188.16,"d":"13,384,188.16"},{"v":11384188.16,"d":"11,384,188.16"},{"v":10429986.4,"d":"10,429,986.40"},{"v":954201.76,"d":"954,201.76"},{"v":2000000,"d":"2,000,000.00"}]
["208","社会保障和就业支出",{"v":1549910.25,"d":"1,549,910.25"},{"v":1549910.25,"d":"1,549,910.25"},{"v":1515530.25,"d":"1,515,530.25"},{"v":34380,"d":"34,380.00"}]
["20805","行政事业单位养老支出",{"v":1479159.52,"d":"1,479,159.52"},{"v":1479159.52,"d":"1,479,159.52"},{"v":1444779.52,"d":"1,444,779.52"},{"v":34380,"d":"34,380.00"}]
["2080502","事业单位离退休",{"v":34380,"d":"34,380.00"},{"v":34380,"d":"34,380.00"},null,{"v":34380,"d":"34,380.00"}]
["2080505","机关事业单位基本养老保险缴费支出",{"v":1444779.52,"d":"1,444,779.52"},{"v":1444779.52,"d":"1,444,779.52"},{"v":1444779.52,"d":"1,444,779.52"}]
["20899","其他社会保障和就业支出",{"v":70750.73,"d":"70,750.73"},{"v":70750.73,"d":"70,750.73"},{"v":70750.73,"d":"70,750.73"}]
["2089999","其他社会保障和就业支出",{"v":70750.73,"d":"70,750.73"},{"v":70750.73,"d":"70,750.73"},{"v":70750.73,"d":"70,750.73"}]
["210","卫生健康支出",{"v":1740946.63,"d":"1,740,946.63"},{"v":1740946.63,"d":"1,740,946.63"},{"v":1740946.63,"d":"1,740,946.63"}]
["21011","行政事业单位医疗",{"v":1740946.63,"d":"1,740,946.63"},{"v":1740946.63,"d":"1,740,946.63"},{"v":1740946.63,"d":"1,740,946.63"}]
["2101102","事业单位医疗",{"v":1087626.18,"d":"1,087,626.18"},{"v":1087626.18,"d":"1,087,626.18"},{"v":1087626.18,"d":"1,087,626.18"}]
["2101103","公务员医疗补助",{"v":600670.45,"d":"600,670.45"},{"v":600670.45,"d":"600,670.45"},{"v":600670.45,"d":"600,670.45"}]
["2101199","其他行政事业单位医疗支出",{"v":52650,"d":"52,650.00"},{"v":52650,"d":"52,650.00"},{"v":52650,"d":"52,650.00"}]
["213","农林水支出",{"v":2193200,"d":"2,193,200.00"},{"$nulls":3},{"v":2193200,"d":"2,193,200.00"}]
["21303","水利",{"v":2193200,"d":"2,193,200.00"},{"$nulls":3},{"v":2193200,"d":"2,193,200.00"}]
["2130310","水土保持",{"v":313200,"d":"313,200.00"},{"$nulls":3},{"v":313200,"d":"313,200.00"}]
["2130311","水资源节约管理与保护",{"v":1670000,"d":"1,670,000.00"},{"$nulls":3},{"v":1670000,"d":"1,670,000.00"}]
["2130314","防汛",{"v":210000,"d":"210,000.00"},{"$nulls":3},{"v":210000,"d":"210,000.00"}]
["221","住房保障支出",{"v":1054677.16,"d":"1,054,677.16"},{"v":1054677.16,"d":"1,054,677.16"},{"v":1054677.16,"d":"1,054,677.16"}]
["22102","住房改革支出",{"v":1054677.16,"d":"1,054,677.16"},{"v":1054677.16,"d":"1,054,677.16"},{"v":1054677.16,"d":"1,054,677.16"}]
["2210201","住房公积金",{"v":1054677.16,"d":"1,054,677.16"},{"v":1054677.16,"d":"1,054,677.16"},{"v":1054677.16,"d":"1,054,677.16"}]
["合  计","合  计",{"v":19922922.2,"d":"19,922,922.20"},{"v":15729722.2,"d":"15,729,722.20"},{"v":14741140.44,"d":"14,741,140.44"},{"v":988581.76,"d":"988,581.76"},{"v":4193200,"d":"4,193,200.00"}]

{"sheet":"一般公共预算“三公”经费支出预算表03","index":5,"n_rows":7,"n_cols":6,"rows_kept":7,"merged":[[1,0,1,5],[2,0,2,3],[3,0,4,0],[3,1,4,1],[3,2,3,4],[3,5,4,5]]}
[{"$nulls":5},"预算03表"]
["2025年一般公共预算“三公”经费支出预算表"]
[{"$f":"\"单位名称：\"&\"云南省水利水电科学研究院\"","v":"单位名称：云南省水利水电科学研究院"},{"$nulls":4},"单位：元"]
["“三公”经费合计","因公出国（境）费","公务用车购置及运行费",null,null,"公务接待费"]
[null,null,"小计","公务用车购置费","公务用车运行费"]
[1,2,3,4,5,6]
[{"v":158000,"d":"158,000.00"},null,{"v":138000,"d":"138,000.00"},null,{"v":138000,"d":"138,000.00"},{"v":20000,"d":"20,000.00"}]

{"sheet":"部门基本支出预算表04","index":6,"n_rows":42,"n_cols":23,"rows_kept":42,"merged":[[1,0,1,22],[2,0,2,6],[3,0,6,0],[3,1,6,1],[3,2,6,2],[3,3,6,3],[3,4,6,4],[3,5,6,5],[3,6,6,6],[3,7,3,22],[4,7,6,7],[4,8,4,12],[4,13,4,15],[4,16,6,16],[4,17,4,22],[5,8,6,8],[5,9,6,9],[5,10,6,10],[5,11,6,11],[5,12,6,12],[5,13,6,13],[5,14,6,14],[5,15,6,15],[5,17,6,17],[5,18,6,18],[5,19,6,19],[5,20,6,20],[5,21,6,21],[5,22,6,22],[41,0,41,6]]}
[{"$nulls":22},"预算04表"]
["2025年部门基本支出预算表"]
[{"$f":"\"单位名称：\"&\"云南省水利水电科学研究院\"","v":"单位名称：云南省水利水电科学研究院"},{"$nulls":21},"单位：元"]
["单位名称","项目代码","项目名称","功能科目编码","功能科目名称","经济科目编码","经济科目名称","资金来源"]
[{"$nulls":7},"合计","一般公共预算",{"$nulls":4},"财政拨款结转结余",null,null,"财政专户管理资金","单位资金"]
[{"$nulls":8},"全年数","已提前安排","抵扣上年垫付资金","本次下达","另文下达","一般公共预算","政府性基金预算","国有资本经营预算",null,"小计","事业收入","事业单位\n经营收入","上级补助收入","附属单位上缴收入","其他收入"]
[]
[1,2,3,4,5,6,7,8,9,10,11,12,13,14,15,16,17,18,19,20,21,22,23]
["云南省水利水电科学研究院",{"$nulls":6},{"v":20729722.2,"d":"20,729,722.20"},{"v":15729722.2,"d":"15,729,722.20"},{"v":3909430.56,"d":"3,909,430.56"},null,{"v":11820291.64,"d":"11,820,291.64"},{"$nulls":5},{"v":5000000,"d":"5,000,000.00"},{"$nulls":4},{"v":5000000,"d":"5,000,000.00"}]
["云南省水利水电科学研究院","530000210000000024663","社会保障缴费","2080505","机关事业单位基本养老保险缴费支出","30108","机关事业单位基本养老保险缴费",{"v":1444779.52,"d":"1,444,779.52"},{"v":1444779.52,"d":"1,444,779.52"},{"v":361194.88,"d":"361,194.88"},null,{"v":1083584.64,"d":"1,083,584.64"}]
["云南省水利水电科学研究院","530000210000000024663","社会保障缴费","2089999","其他社会保障和就业支出","30112","其他社会保障缴费",{"v":70750.73,"d":"70,750.73"},{"v":70750.73,"d":"70,750.73"},{"v":17687.69,"d":"17,687.69"},null,{"v":53063.04,"d":"53,063.04"}]
["云南省水利水电科学研究院","530000210000000024663","社会保障缴费","2101102","事业单位医疗","30110","职工基本医疗保险缴费",{"v":975226.18,"d":"975,226.18"},{"v":975226.18,"d":"975,226.18"},{"v":243806.55,"d":"243,806.55"},null,{"v":731419.63,"d":"731,419.63"}]
["云南省水利水电科学研究院","530000210000000024663","社会保障缴费","2101102","事业单位医疗","30307","医疗费补助",{"v":112400,"d":"112,400.00"},{"v":112400,"d":"112,400.00"},{"v":28100,"d":"28,100.00"},null,{"v":84300,"d":"84,300.00"}]
["云南省水利水电科学研究院","530000210000000024663","社会保障缴费","2101103","公务员医疗补助","30111","公务员医疗补助缴费",{"v":600670.45,"d":"600,670.45"},{"v":600670.45,"d":"600,670.45"},{"v":150167.61,"d":"150,167.61"},null,{"v":450502.84,"d":"450,502.84"}]
["云南省水利水电科学研究院","530000210000000024663","社会保障缴费","2101199","其他行政事业单位医疗支出","30112","其他社会保障缴费",{"v":52650,"d":"52,650.00"},{"v":52650,"d":"52,650.00"},{"v":52650,"d":"52,650.00"}]
["云南省水利水电科学研究院","530000210000000024665","住房公积金","2210201","住房公积金","30113","住房公积金",{"v":1054677.16,"d":"1,054,677.16"},{"v":1054677.16,"d":"1,054,677.16"},{"v":263669.29,"d":"263,669.29"},null,{"v":791007.87,"d":"791,007.87"}]
["云南省水利水电科学研究院","530000210000000024666","对个人和家庭的补助","2060301","机构运行","30399","其他对个人和家庭的补助",{"v":31262.4,"d":"31,262.40"},{"v":31262.4,"d":"31,262.40"},{"v":7815.6,"d":"7,815.60"},null,{"v":23446.8,"d":"23,446.80"}]
["云南省水利水电科学研究院","530000210000000024668","公车购置及运维费","2060301","机构运行","30231","公务用车运行维护费",{"v":138000,"d":"138,000.00"},{"v":138000,"d":"138,000.00"},null,null,{"v":138000,"d":"138,000.00"}]
["云南省水利水电科学研究院","530000210000000024670","公务接待费","2060301","机构运行","30217","公务接待费",{"v":20000,"d":"20,000.00"},{"v":20000,"d":"20,000.00"},{"v":5000,"d":"5,000.00"},null,{"v":15000,"d":"15,000.00"}]
["云南省水利水电科学研究院","530000210000000024672","工会经费","2060301","机构运行","30228","工会经费",{"v":207974.48,"d":"207,974.48"},{"v":207974.48,"d":"207,974.48"},{"v":51993.62,"d":"51,993.62"},null,{"v":155980.86,"d":"155,980.86"}]
["云南省水利水电科学研究院","530000210000000024673","一般公用经费","2060301","机构运行","30201","办公费",{"v":49200,"d":"49,200.00"},{"v":49200,"d":"49,200.00"},{"v":12300,"d":"12,300.00"},null,{"v":36900,"d":"36,900.00"}]
["云南省水利水电科学研究院","530000210000000024673","一般公用经费","2060301","机构运行","30202","印刷费",{"v":8000,"d":"8,000.00"},{"v":8000,"d":"8,000.00"},null,null,{"v":8000,"d":"8,000.00"}]
["云南省水利水电科学研究院","530000210000000024673","一般公用经费","2060301","机构运行","30205","水费",{"v":52000,"d":"52,000.00"},{"v":52000,"d":"52,000.00"},{"v":13000,"d":"13,000.00"},null,{"v":39000,"d":"39,000.00"}]
["云南省水利水电科学研究院","530000210000000024673","一般公用经费","2060301","机构运行","30206","电费",{"v":30000,"d":"30,000.00"},{"v":30000,"d":"30,000.00"},{"v":7500,"d":"7,500.00"},null,{"v":22500,"d":"22,500.00"}]
["云南省水利水电科学研究院","530000210000000024673","一般公用经费","2060301","机构运行","30207","邮电费",{"v":10000,"d":"10,000.00"},{"v":10000,"d":"10,000.00"},{"v":2500,"d":"2,500.00"},null,{"v":7500,"d":"7,500.00"}]
["云南省水利水电科学研究院","530000210000000024673","一般公用经费","2060301","机构运行","30209","物业管理费",{"v":16000,"d":"16,000.00"},{"v":16000,"d":"16,000.00"},{"v":4000,"d":"4,000.00"},null,{"v":12000,"d":"12,000.00"}]
["云南省水利水电科学研究院","530000210000000024673","一般公用经费","2060301","机构运行","30211","差旅费",{"v":19800,"d":"19,800.00"},{"$nulls":9},{"v":19800,"d":"19,800.00"},{"$nulls":4},{"v":19800,"d":"19,800.00"}]
["云南省水利水电科学研究院","530000210000000024673","一般公用经费","2060301","机构运行","30215","会议费",{"v":60000,"d":"60,000.00"},{"$nulls":9},{"v":60000,"d":"60,000.00"},{"$nulls":4},{"v":60000,"d":"60,000.00"}]
["云南省水利水电科学研究院","530000210000000024673","一般公用经费","2060301","机构运行","30216","培训费",{"v":87000,"d":"87,000.00"},{"v":18000,"d":"18,000.00"},{"v":4500,"d":"4,500.00"},null,{"v":13500,"d":"13,500.00"},{"$nulls":5},{"v":69000,"d":"69,000.00"},{"$nulls":4},{"v":69000,"d":"69,000.00"}]
["云南省水利水电科学研究院","530000210000000024673","一般公用经费","2060301","机构运行","30226","劳务费",{"v":106000,"d":"106,000.00"},{"v":6000,"d":"6,000.00"},{"v":1500,"d":"1,500.00"},null,{"v":4500,"d":"4,500.00"},{"$nulls":5},{"v":100000,"d":"100,000.00"},{"$nulls":4},{"v":100000,"d":"100,000.00"}]
["云南省水利水电科学研究院","530000210000000024673","一般公用经费","2060301","机构运行","30227","委托业务费",{"v":981200,"d":"981,200.00"},{"$nulls":9},{"v":981200,"d":"981,200.00"},{"$nulls":4},{"v":981200,"d":"981,200.00"}]
["云南省水利水电科学研究院","530000210000000024673","一般公用经费","2060301","机构运行","30229","福利费",{"v":207974.48,"d":"207,974.48"},{"v":207974.48,"d":"207,974.48"},{"v":51993.62,"d":"51,993.62"},null,{"v":155980.86,"d":"155,980.86"}]
["云南省水利水电科学研究院","530000210000000024673","一般公用经费","2060301","机构运行","30239","其他交通费用",{"v":120000,"d":"120,000.00"},{"$nulls":9},{"v":120000,"d":"120,000.00"},{"$nulls":4},{"v":120000,"d":"120,000.00"}]
["云南省水利水电科学研究院","530000210000000024673","一般公用经费","2060301","机构运行","30240","税金及附加费用",{"v":50000,"d":"50,000.00"},{"$nulls":9},{"v":50000,"d":"50,000.00"},{"$nulls":4},{"v":50000,"d":"50,000.00"}]
["云南省水利水电科学研究院","530000210000000024673","一般公用经费","2060301","机构运行","30299","其他商品和服务支出",{"v":387102.8,"d":"387,102.80"},{"v":87102.8,"d":"87,102.80"},{"v":21775.7,"d":"21,775.70"},null,{"v":65327.1,"d":"65,327.10"},{"$nulls":5},{"v":300000,"d":"300,000.00"},{"$nulls":4},{"v":300000,"d":"300,000.00"}]
["云南省水利水电科学研究院","530000210000000024673","一般公用经费","2060301","机构运行","31002","办公设备购置",{"v":103950,"d":"103,950.00"},{"v":103950,"d":"103,950.00"},null,null,{"v":103950,"d":"103,950.00"}]
["云南省水利水电科学研究院","530000210000000024673","一般公用经费","2080502","事业单位离退休","30299","其他商品和服务支出",{"v":34380,"d":"34,380.00"},{"v":34380,"d":"34,380.00"},{"v":8595,"d":"8,595.00"},null,{"v":25785,"d":"25,785.00"}]
["云南省水利水电科学研究院","530000210000000024675","事业人员支出工资","2060301","机构运行","30101","基本工资",{"v":3960192,"d":"3,960,192.00"},{"v":3960192,"d":"3,960,192.00"},{"v":990048,"d":"990,048.00"},null,{"v":2970144,"d":"2,970,144.00"}]
["云南省水利水电科学研究院","530000210000000024675","事业人员支出工资","2060301","机构运行","30102","津贴补贴",{"v":852,"d":"852.00"},{"v":852,"d":"852.00"},{"v":213,"d":"213.00"},null,{"v":639,"d":"639.00"}]
["云南省水利水电科学研究院","530000210000000024675","事业人员支出工资","2060301","机构运行","30103","奖金",{"v":3630016,"d":"3,630,016.00"},{"v":330016,"d":"330,016.00"},{"v":82504,"d":"82,504.00"},null,{"v":247512,"d":"247,512.00"},{"$nulls":5},{"v":3300000,"d":"3,300,000.00"},{"$nulls":4},{"v":3300000,"d":"3,300,000.00"}]
["云南省水利水电科学研究院","530000210000000024675","事业人员支出工资","2060301","机构运行","30107","绩效工资",{"v":6107664,"d":"6,107,664.00"},{"v":6107664,"d":"6,107,664.00"},{"v":1526916,"d":"1,526,916.00"},null,{"v":4580748,"d":"4,580,748.00"}]
["合  计",{"$nulls":6},{"v":20729722.2,"d":"20,729,722.20"},{"v":15729722.2,"d":"15,729,722.20"},{"v":3909430.56,"d":"3,909,430.56"},null,{"v":11820291.64,"d":"11,820,291.64"},{"$nulls":5},{"v":5000000,"d":"5,000,000.00"},{"$nulls":4},{"v":5000000,"d":"5,000,000.00"}]

{"sheet":"部门项目支出预算表05-1","index":7,"n_rows":52,"n_cols":23,"rows_kept":52,"merged":[[1,0,1,22],[2,0,2,8],[3,0,5,0],[3,1,5,1],[3,2,5,2],[3,3,5,3],[3,4,5,4],[3,5,5,5],[3,6,5,6],[3,7,5,7],[3,8,5,8],[3,9,3,12],[3,13,3,15],[3,16,5,16],[3,17,3,22],[4,9,4,10],[4,11,5,11],[4,12,5,12],[4,13,5,13],[4,14,5,14],[4,15,5,15],[4,17,5,17],[4,18,5,18],[4,19,5,19],[4,20,5,20],[4,21,5,21],[4,22,5,22],[51,0,51,7]]}
[{"$nulls":22},"预算05-1表"]
["2025年部门项目支出预算表"]
[{"$f":"\"单位名称：\"&\"云南省水利水电科学研究院\"","v":"单位名称：云南省水利水电科学研究院"},"单位名称：云南省水利水电科学研究院",{"$nulls":20},"单位：元"]
["项目分类","项目代码","项目名称","项目单位","功能科目编码","功能科目名称","经济科目编码","经济科目名称","合计","本年拨款",{"$nulls":3},"财政拨款结转结余",null,null,"财政专户管理资金","单位资金"]
[{"$nulls":9},"一般公共预算",null,"政府性基金预算","国有资本经营预算","一般公共预算","政府性基金预算","国有资本经营预算",null,"小计","事业收入","事业单位\n经营收入","上级补助收入","附属单位上缴收入","其他收入"]
[{"$nulls":9},"小计","其中：本次下达"]
[1,2,3,4,5,6,7,8,9,10,11,12,13,14,15,16,17,18,19,20,21,22,23]
[null,null,"水利科研技术管理经费",{"$nulls":5},{"v":2000000,"d":"2,000,000.00"},{"v":2000000,"d":"2,000,000.00"},{"v":2000000,"d":"2,000,000.00"}]
["其他运转类","530000251100003229070","水利科研技术管理经费","云南省水利水电科学研究院","2060301","机构运行","30201","办公费",{"v":30000,"d":"30,000.00"},{"v":30000,"d":"30,000.00"},{"v":30000,"d":"30,000.00"}]
["其他运转类","530000251100003229070","水利科研技术管理经费","云南省水利水电科学研究院","2060301","机构运行","30202","印刷费",{"v":12000,"d":"12,000.00"},{"v":12000,"d":"12,000.00"},{"v":12000,"d":"12,000.00"}]
["其他运转类","530000251100003229070","水利科研技术管理经费","云南省水利水电科学研究院","2060301","机构运行","30209","物业管理费",{"v":232000,"d":"232,000.00"},{"v":232000,"d":"232,000.00"},{"v":232000,"d":"232,000.00"}]
["其他运转类","530000251100003229070","水利科研技术管理经费","云南省水利水电科学研究院","2060301","机构运行","30211","差旅费",{"v":50000,"d":"50,000.00"},{"v":50000,"d":"50,000.00"},{"v":50000,"d":"50,000.00"}]
["其他运转类","530000251100003229070","水利科研技术管理经费","云南省水利水电科学研究院","2060301","机构运行","30213","维修（护）费",{"v":230000,"d":"230,000.00"},{"v":230000,"d":"230,000.00"},{"v":230000,"d":"230,000.00"}]
["其他运转类","530000251100003229070","水利科研技术管理经费","云南省水利水电科学研究院","2060301","机构运行","30214","租赁费",{"v":97200,"d":"97,200.00"},{"v":97200,"d":"97,200.00"},{"v":97200,"d":"97,200.00"}]
["其他运转类","530000251100003229070","水利科研技术管理经费","云南省水利水电科学研究院","2060301","机构运行","30216","培训费",{"v":12000,"d":"12,000.00"},{"v":12000,"d":"12,000.00"},{"v":12000,"d":"12,000.00"}]
["其他运转类","530000251100003229070","水利科研技术管理经费","云南省水利水电科学研究院","2060301","机构运行","30226","劳务费",{"v":19000,"d":"19,000.00"},{"v":19000,"d":"19,000.00"},{"v":19000,"d":"19,000.00"}]
["其他运转类","530000251100003229070","水利科研技术管理经费","云南省水利水电科学研究院","2060301","机构运行","30227","委托业务费",{"v":910000,"d":"910,000.00"},{"v":910000,"d":"910,000.00"},{"v":910000,"d":"910,000.00"}]
["其他运转类","530000251100003229070","水利科研技术管理经费","云南省水利水电科学研究院","2060301","机构运行","30239","其他交通费用",{"v":180000,"d":"180,000.00"},{"v":180000,"d":"180,000.00"},{"v":180000,"d":"180,000.00"}]
["其他运转类","530000251100003229070","水利科研技术管理经费","云南省水利水电科学研究院","2060301","机构运行","30240","税金及附加费用",{"v":5000,"d":"5,000.00"},{"v":5000,"d":"5,000.00"},{"v":5000,"d":"5,000.00"}]
["其他运转类","530000251100003229070","水利科研技术管理经费","云南省水利水电科学研究院","2060301","机构运行","30299","其他商品和服务支出",{"v":163400,"d":"163,400.00"},{"v":163400,"d":"163,400.00"},{"v":163400,"d":"163,400.00"}]
["其他运转类","530000251100003229070","水利科研技术管理经费","云南省水利水电科学研究院","2060301","机构运行","31002","办公设备购置",{"v":59400,"d":"59,400.00"},{"v":59400,"d":"59,400.00"},{"v":59400,"d":"59,400.00"}]
[null,null,"水资源和水土保持管理经费",{"$nulls":5},{"v":4692659,"d":"4,692,659.00"},{"v":2193200,"d":"2,193,200.00"},{"v":2193200,"d":"2,193,200.00"},{"$nulls":6},{"v":2499459,"d":"2,499,459.00"},{"$nulls":4},{"v":2499459,"d":"2,499,459.00"}]
["专项业务类","530000200000000012783","水资源和水土保持管理经费","云南省水利水电科学研究院","2130310","水土保持","30202","印刷费",{"v":16070,"d":"16,070.00"},{"v":16070,"d":"16,070.00"},{"v":16070,"d":"16,070.00"}]
["专项业务类","530000200000000012783","水资源和水土保持管理经费","云南省水利水电科学研究院","2130310","水土保持","30211","差旅费",{"v":148800,"d":"148,800.00"},{"v":148800,"d":"148,800.00"},{"v":148800,"d":"148,800.00"}]
["专项业务类","530000200000000012783","水资源和水土保持管理经费","云南省水利水电科学研究院","2130310","水土保持","30216","培训费",{"v":15000,"d":"15,000.00"},{"v":15000,"d":"15,000.00"},{"v":15000,"d":"15,000.00"}]
["专项业务类","530000200000000012783","水资源和水土保持管理经费","云南省水利水电科学研究院","2130310","水土保持","30227","委托业务费",{"v":84030,"d":"84,030.00"},{"v":84030,"d":"84,030.00"},{"v":84030,"d":"84,030.00"}]
["专项业务类","530000200000000012783","水资源和水土保持管理经费","云南省水利水电科学研究院","2130310","水土保持","30299","其他商品和服务支出",{"v":49300,"d":"49,300.00"},{"v":49300,"d":"49,300.00"},{"v":49300,"d":"49,300.00"}]
["专项业务类","530000200000000012783","水资源和水土保持管理经费","云南省水利水电科学研究院","2130311","水资源节约管理与保护","30201","办公费",{"v":60000,"d":"60,000.00"},{"$nulls":8},{"v":60000,"d":"60,000.00"},{"$nulls":4},{"v":60000,"d":"60,000.00"}]
["专项业务类","530000200000000012783","水资源和水土保持管理经费","云南省水利水电科学研究院","2130311","水资源节约管理与保护","30202","印刷费",{"v":52310,"d":"52,310.00"},{"v":38970,"d":"38,970.00"},{"v":38970,"d":"38,970.00"},{"$nulls":6},{"v":13340,"d":"13,340.00"},{"$nulls":4},{"v":13340,"d":"13,340.00"}]
["专项业务类","530000200000000012783","水资源和水土保持管理经费","云南省水利水电科学研究院","2130311","水资源节约管理与保护","30211","差旅费",{"v":697320,"d":"697,320.00"},{"v":501900,"d":"501,900.00"},{"v":501900,"d":"501,900.00"},{"$nulls":6},{"v":195420,"d":"195,420.00"},{"$nulls":4},{"v":195420,"d":"195,420.00"}]
["专项业务类","530000200000000012783","水资源和水土保持管理经费","云南省水利水电科学研究院","2130311","水资源节约管理与保护","30213","维修（护）费",{"v":16039,"d":"16,039.00"},{"$nulls":8},{"v":16039,"d":"16,039.00"},{"$nulls":4},{"v":16039,"d":"16,039.00"}]
["专项业务类","530000200000000012783","水资源和水土保持管理经费","云南省水利水电科学研究院","2130311","水资源节约管理与保护","30214","租赁费",{"v":12720,"d":"12,720.00"},{"v":12720,"d":"12,720.00"},{"v":12720,"d":"12,720.00"}]
["专项业务类","530000200000000012783","水资源和水土保持管理经费","云南省水利水电科学研究院","2130311","水资源节约管理与保护","30216","培训费",{"v":235350,"d":"235,350.00"},{"v":223350,"d":"223,350.00"},{"v":223350,"d":"223,350.00"},{"$nulls":6},{"v":12000,"d":"12,000.00"},{"$nulls":4},{"v":12000,"d":"12,000.00"}]
["专项业务类","530000200000000012783","水资源和水土保持管理经费","云南省水利水电科学研究院","2130311","水资源节约管理与保护","30218","专用材料费",{"v":335000,"d":"335,000.00"},{"$nulls":8},{"v":335000,"d":"335,000.00"},{"$nulls":4},{"v":335000,"d":"335,000.00"}]
["专项业务类","530000200000000012783","水资源和水土保持管理经费","云南省水利水电科学研究院","2130311","水资源节约管理与保护","30226","劳务费",{"v":339800,"d":"339,800.00"},{"v":159200,"d":"159,200.00"},{"v":159200,"d":"159,200.00"},{"$nulls":6},{"v":180600,"d":"180,600.00"},{"$nulls":4},{"v":180600,"d":"180,600.00"}]
["专项业务类","530000200000000012783","水资源和水土保持管理经费","云南省水利水电科学研究院","2130311","水资源节约管理与保护","30227","委托业务费",{"v":1421025,"d":"1,421,025.00"},{"v":434365,"d":"434,365.00"},{"v":434365,"d":"434,365.00"},{"$nulls":6},{"v":986660,"d":"986,660.00"},{"$nulls":4},{"v":986660,"d":"986,660.00"}]
["专项业务类","530000200000000012783","水资源和水土保持管理经费","云南省水利水电科学研究院","2130311","水资源节约管理与保护","30299","其他商品和服务支出",{"v":288095,"d":"288,095.00"},{"v":154095,"d":"154,095.00"},{"v":154095,"d":"154,095.00"},{"$nulls":6},{"v":134000,"d":"134,000.00"},{"$nulls":4},{"v":134000,"d":"134,000.00"}]
["专项业务类","530000200000000012783","水资源和水土保持管理经费","云南省水利水电科学研究院","2130311","水资源节约管理与保护","31003","专用设备购置",{"v":525400,"d":"525,400.00"},{"v":145400,"d":"145,400.00"},{"v":145400,"d":"145,400.00"},{"$nulls":6},{"v":380000,"d":"380,000.00"},{"$nulls":4},{"v":380000,"d":"380,000.00"}]
["专项业务类","530000200000000012783","水资源和水土保持管理经费","云南省水利水电科学研究院","2130314","防汛","30202","印刷费",{"v":14920,"d":"14,920.00"},{"v":14920,"d":"14,920.00"},{"v":14920,"d":"14,920.00"}]
["专项业务类","530000200000000012783","水资源和水土保持管理经费","云南省水利水电科学研究院","2130314","防汛","30211","差旅费",{"v":7680,"d":"7,680.00"},{"v":7680,"d":"7,680.00"},{"v":7680,"d":"7,680.00"}]
["专项业务类","530000200000000012783","水资源和水土保持管理经费","云南省水利水电科学研究院","2130314","防汛","30216","培训费",{"v":12800,"d":"12,800.00"},{"v":12800,"d":"12,800.00"},{"v":12800,"d":"12,800.00"}]
["专项业务类","530000200000000012783","水资源和水土保持管理经费","云南省水利水电科学研究院","2130314","防汛","30226","劳务费",{"v":9600,"d":"9,600.00"},{"v":9600,"d":"9,600.00"},{"v":9600,"d":"9,600.00"}]
["专项业务类","530000200000000012783","水资源和水土保持管理经费","云南省水利水电科学研究院","2130314","防汛","30227","委托业务费",{"v":150000,"d":"150,000.00"},{"v":150000,"d":"150,000.00"},{"v":150000,"d":"150,000.00"}]
["专项业务类","530000200000000012783","水资源和水土保持管理经费","云南省水利水电科学研究院","2130314","防汛","30299","其他商品和服务支出",{"v":15000,"d":"15,000.00"},{"v":15000,"d":"15,000.00"},{"v":15000,"d":"15,000.00"}]
["专项业务类","530000200000000012783","水资源和水土保持管理经费","云南省水利水电科学研究院","2130315","抗旱","30202","印刷费",{"v":1400,"d":"1,400.00"},{"$nulls":8},{"v":1400,"d":"1,400.00"},{"$nulls":4},{"v":1400,"d":"1,400.00"}]
["专项业务类","530000200000000012783","水资源和水土保持管理经费","云南省水利水电科学研究院","2130315","抗旱","30226","劳务费",{"v":73600,"d":"73,600.00"},{"$nulls":8},{"v":73600,"d":"73,600.00"},{"$nulls":4},{"v":73600,"d":"73,600.00"}]
["专项业务类","530000200000000012783","水资源和水土保持管理经费","云南省水利水电科学研究院","2130315","抗旱","30299","其他商品和服务支出",{"v":75000,"d":"75,000.00"},{"$nulls":8},{"v":75000,"d":"75,000.00"},{"$nulls":4},{"v":75000,"d":"75,000.00"}]
["专项业务类","530000200000000012783","水资源和水土保持管理经费","云南省水利水电科学研究院","2130319","江河湖库水系综合整治","30211","差旅费",{"v":7200,"d":"7,200.00"},{"$nulls":8},{"v":7200,"d":"7,200.00"},{"$nulls":4},{"v":7200,"d":"7,200.00"}]
["专项业务类","530000200000000012783","水资源和水土保持管理经费","云南省水利水电科学研究院","2130319","江河湖库水系综合整治","30226","劳务费",{"v":7200,"d":"7,200.00"},{"$nulls":8},{"v":7200,"d":"7,200.00"},{"$nulls":4},{"v":7200,"d":"7,200.00"}]
["专项业务类","530000200000000012783","水资源和水土保持管理经费","云南省水利水电科学研究院","2130319","江河湖库水系综合整治","30227","委托业务费",{"v":18000,"d":"18,000.00"},{"$nulls":8},{"v":18000,"d":"18,000.00"},{"$nulls":4},{"v":18000,"d":"18,000.00"}]
["专项业务类","530000200000000012783","水资源和水土保持管理经费","云南省水利水电科学研究院","2130319","江河湖库水系综合整治","30299","其他商品和服务支出",{"v":4000,"d":"4,000.00"},{"$nulls":8},{"v":4000,"d":"4,000.00"},{"$nulls":4},{"v":4000,"d":"4,000.00"}]
["合  计",{"$nulls":7},{"v":6692659,"d":"6,692,659.00"},{"v":4193200,"d":"4,193,200.00"},{"v":4193200,"d":"4,193,200.00"},{"$nulls":6},{"v":2499459,"d":"2,499,459.00"},{"$nulls":4},{"v":2499459,"d":"2,499,459.00"}]

{"sheet":"部门项目支出绩效目标表05-2","index":8,"n_rows":54,"n_cols":10,"rows_kept":54,"merged":[[1,0,1,9],[2,0,2,7],[6,0,50,0],[6,1,50,1],[51,0,53,0],[51,1,53,1]]}
[{"$nulls":9},"预算05-2表"]
["2025年部门项目支出绩效目标表"]
[{"$f":"\"单位名称：\"&\"云南省水利水电科学研究院\"","v":"单位名称：云南省水利水电科学研究院"}]
["单位名称、项目名称","项目年度绩效目标","一级指标","二级指标","三级指标","指标性质","指标值","度量单位","指标属性","指标内容"]
[1,2,3,4,5,6,7,8,9,10]
["云南省水利水电科学研究院"]
["水资源和水土保持管理经费","2025年预算年度目标：全面推进云南水文化研究、水利遗产保护、水文化传承和弘扬等工作,提高用水效率，推进节水型社会建设，提高水资源保障能力。具体工作目标如下：\n1.开展2025年度农田灌溉水有效利用系数测算分析工作，完成“云南省2024年度农田灌溉水有效利用系数测算分析成果报告”；\n2.完成元阳哈尼梯田灌溉体系科学内涵研究报告；\n3.开展灌溉试验中心站灌溉定额和灌溉制度定量观测，观测作物不少于10种，开展灌溉试验数据的整编，为农业水价综合改革提供技术支持；\n4.举办科普讲解比赛1次，吸纳至少20人参加讲解比赛；\n5.完成28个县级行政区的河湖“四乱”问题排查整治督导检查、河湖遥感图斑现场排查确认工作；\n6.完成全省3个大中型灌区标准化管理及节水型灌区创建评估验收，编写评估验收意见；完成全省10个及以上千吨万人供水工程标准化管理评价现场复核及全省2个及以上县域农村饮水安全标准化建设技术审核及初验工作；\n7.2025县域节水型社会建设技术指导工作完成数达到8个以上；\n8.开展技术指导5次以上，完成2个及以上县（市、区）或灌区农业水价综合改革现场检查；\n9.开展2025年度生态清洁小流域建设推进情况督导和对经各州（市）认定为完成生态清洁小流域建设任务的项目进行抽查复核；\n10.完成水土保持重点工程监督检查20项，完成生产建设项目水土保持设施验收报备项目核查15项。","产出指标","数量指标","督查问题数量",">=","28","个","定量指标","反映河湖“四乱”问题、河湖遥感图斑督查问题数量。"]
["水资源和水土保持管理经费","2025年预算年度目标：全面推进云南水文化研究、水利遗产保护、水文化传承和弘扬等工作,提高用水效率，推进节水型社会建设，提高水资源保障能力。具体工作目标如下：\n1.开展2025年度农田灌溉水有效利用系数测算分析工作，完成“云南省2024年度农田灌溉水有效利用系数测算分析成果报告”；\n2.完成元阳哈尼梯田灌溉体系科学内涵研究报告；\n3.开展灌溉试验中心站灌溉定额和灌溉制度定量观测，观测作物不少于10种，开展灌溉试验数据的整编，为农业水价综合改革提供技术支持；\n4.举办科普讲解比赛1次，吸纳至少20人参加讲解比赛；\n5.完成28个县级行政区的河湖“四乱”问题排查整治督导检查、河湖遥感图斑现场排查确认工作；\n6.完成全省3个大中型灌区标准化管理及节水型灌区创建评估验收，编写评估验收意见；完成全省10个及以上千吨万人供水工程标准化管理评价现场复核及全省2个及以上县域农村饮水安全标准化建设技术审核及初验工作；\n7.2025县域节水型社会建设技术指导工作完成数达到8个以上；\n8.开展技术指导5次以上，完成2个及以上县（市、区）或灌区农业水价综合改革现场检查；\n9.开展2025年度生态清洁小流域建设推进情况督导和对经各州（市）认定为完成生态清洁小流域建设任务的项目进行抽查复核；\n10.完成水土保持重点工程监督检查20项，完成生产建设项目水土保持设施验收报备项目核查15项。","产出指标","数量指标","新增果树观测种类",">=","2","种","定量指标","新增2种果树灌溉定额定量观测。"]
["水资源和水土保持管理经费","2025年预算年度目标：全面推进云南水文化研究、水利遗产保护、水文化传承和弘扬等工作,提高用水效率，推进节水型社会建设，提高水资源保障能力。具体工作目标如下：\n1.开展2025年度农田灌溉水有效利用系数测算分析工作，完成“云南省2024年度农田灌溉水有效利用系数测算分析成果报告”；\n2.完成元阳哈尼梯田灌溉体系科学内涵研究报告；\n3.开展灌溉试验中心站灌溉定额和灌溉制度定量观测，观测作物不少于10种，开展灌溉试验数据的整编，为农业水价综合改革提供技术支持；\n4.举办科普讲解比赛1次，吸纳至少20人参加讲解比赛；\n5.完成28个县级行政区的河湖“四乱”问题排查整治督导检查、河湖遥感图斑现场排查确认工作；\n6.完成全省3个大中型灌区标准化管理及节水型灌区创建评估验收，编写评估验收意见；完成全省10个及以上千吨万人供水工程标准化管理评价现场复核及全省2个及以上县域农村饮水安全标准化建设技术审核及初验工作；\n7.2025县域节水型社会建设技术指导工作完成数达到8个以上；\n8.开展技术指导5次以上，完成2个及以上县（市、区）或灌区农业水价综合改革现场检查；\n9.开展2025年度生态清洁小流域建设推进情况督导和对经各州（市）认定为完成生态清洁小流域建设任务的项目进行抽查复核；\n10.完成水土保持重点工程监督检查20项，完成生产建设项目水土保持设施验收报备项目核查15项。","产出指标","数量指标","举办科普讲解比赛",">=",1,"次","定量指标","反映举办科普讲解比赛数量。"]
["水资源和水土保持管理经费","2025年预算年度目标：全面推进云南水文化研究、水利遗产保护、水文化传承和弘扬等工作,提高用水效率，推进节水型社会建设，提高水资源保障能力。具体工作目标如下：\n1.开展2025年度农田灌溉水有效利用系数测算分析工作，完成“云南省2024年度农田灌溉水有效利用系数测算分析成果报告”；\n2.完成元阳哈尼梯田灌溉体系科学内涵研究报告；\n3.开展灌溉试验中心站灌溉定额和灌溉制度定量观测，观测作物不少于10种，开展灌溉试验数据的整编，为农业水价综合改革提供技术支持；\n4.举办科普讲解比赛1次，吸纳至少20人参加讲解比赛；\n5.完成28个县级行政区的河湖“四乱”问题排查整治督导检查、河湖遥感图斑现场排查确认工作；\n6.完成全省3个大中型灌区标准化管理及节水型灌区创建评估验收，编写评估验收意见；完成全省10个及以上千吨万人供水工程标准化管理评价现场复核及全省2个及以上县域农村饮水安全标准化建设技术审核及初验工作；\n7.2025县域节水型社会建设技术指导工作完成数达到8个以上；\n8.开展技术指导5次以上，完成2个及以上县（市、区）或灌区农业水价综合改革现场检查；\n9.开展2025年度生态清洁小流域建设推进情况督导和对经各州（市）认定为完成生态清洁小流域建设任务的项目进行抽查复核；\n10.完成水土保持重点工程监督检查20项，完成生产建设项目水土保持设施验收报备项目核查15项。","产出指标","数量指标","参加比赛选手",">=","20","人","定量指标","反映参加讲解比赛人员数量。"]
["水资源和水土保持管理经费","2025年预算年度目标：全面推进云南水文化研究、水利遗产保护、水文化传承和弘扬等工作,提高用水效率，推进节水型社会建设，提高水资源保障能力。具体工作目标如下：\n1.开展2025年度农田灌溉水有效利用系数测算分析工作，完成“云南省2024年度农田灌溉水有效利用系数测算分析成果报告”；\n2.完成元阳哈尼梯田灌溉体系科学内涵研究报告；\n3.开展灌溉试验中心站灌溉定额和灌溉制度定量观测，观测作物不少于10种，开展灌溉试验数据的整编，为农业水价综合改革提供技术支持；\n4.举办科普讲解比赛1次，吸纳至少20人参加讲解比赛；\n5.完成28个县级行政区的河湖“四乱”问题排查整治督导检查、河湖遥感图斑现场排查确认工作；\n6.完成全省3个大中型灌区标准化管理及节水型灌区创建评估验收，编写评估验收意见；完成全省10个及以上千吨万人供水工程标准化管理评价现场复核及全省2个及以上县域农村饮水安全标准化建设技术审核及初验工作；\n7.2025县域节水型社会建设技术指导工作完成数达到8个以上；\n8.开展技术指导5次以上，完成2个及以上县（市、区）或灌区农业水价综合改革现场检查；\n9.开展2025年度生态清洁小流域建设推进情况督导和对经各州（市）认定为完成生态清洁小流域建设任务的项目进行抽查复核；\n10.完成水土保持重点工程监督检查20项，完成生产建设项目水土保持设施验收报备项目核查15项。","产出指标","数量指标","县域节水型社会建设评估成果完成数",">=","8","个","定量指标","反映县域节水型社会建设的技术指导工作完成情况。"]
["水资源和水土保持管理经费","2025年预算年度目标：全面推进云南水文化研究、水利遗产保护、水文化传承和弘扬等工作,提高用水效率，推进节水型社会建设，提高水资源保障能力。具体工作目标如下：\n1.开展2025年度农田灌溉水有效利用系数测算分析工作，完成“云南省2024年度农田灌溉水有效利用系数测算分析成果报告”；\n2.完成元阳哈尼梯田灌溉体系科学内涵研究报告；\n3.开展灌溉试验中心站灌溉定额和灌溉制度定量观测，观测作物不少于10种，开展灌溉试验数据的整编，为农业水价综合改革提供技术支持；\n4.举办科普讲解比赛1次，吸纳至少20人参加讲解比赛；\n5.完成28个县级行政区的河湖“四乱”问题排查整治督导检查、河湖遥感图斑现场排查确认工作；\n6.完成全省3个大中型灌区标准化管理及节水型灌区创建评估验收，编写评估验收意见；完成全省10个及以上千吨万人供水工程标准化管理评价现场复核及全省2个及以上县域农村饮水安全标准化建设技术审核及初验工作；\n7.2025县域节水型社会建设技术指导工作完成数达到8个以上；\n8.开展技术指导5次以上，完成2个及以上县（市、区）或灌区农业水价综合改革现场检查；\n9.开展2025年度生态清洁小流域建设推进情况督导和对经各州（市）认定为完成生态清洁小流域建设任务的项目进行抽查复核；\n10.完成水土保持重点工程监督检查20项，完成生产建设项目水土保持设施验收报备项目核查15项。","产出指标","数量指标","观测作物数量",">=","10","个","定量指标","根据工作计划，完成观测作物数量情况。"]
["水资源和水土保持管理经费","2025年预算年度目标：全面推进云南水文化研究、水利遗产保护、水文化传承和弘扬等工作,提高用水效率，推进节水型社会建设，提高水资源保障能力。具体工作目标如下：\n1.开展2025年度农田灌溉水有效利用系数测算分析工作，完成“云南省2024年度农田灌溉水有效利用系数测算分析成果报告”；\n2.完成元阳哈尼梯田灌溉体系科学内涵研究报告；\n3.开展灌溉试验中心站灌溉定额和灌溉制度定量观测，观测作物不少于10种，开展灌溉试验数据的整编，为农业水价综合改革提供技术支持；\n4.举办科普讲解比赛1次，吸纳至少20人参加讲解比赛；\n5.完成28个县级行政区的河湖“四乱”问题排查整治督导检查、河湖遥感图斑现场排查确认工作；\n6.完成全省3个大中型灌区标准化管理及节水型灌区创建评估验收，编写评估验收意见；完成全省10个及以上千吨万人供水工程标准化管理评价现场复核及全省2个及以上县域农村饮水安全标准化建设技术审核及初验工作；\n7.2025县域节水型社会建设技术指导工作完成数达到8个以上；\n8.开展技术指导5次以上，完成2个及以上县（市、区）或灌区农业水价综合改革现场检查；\n9.开展2025年度生态清洁小流域建设推进情况督导和对经各州（市）认定为完成生态清洁小流域建设任务的项目进行抽查复核；\n10.完成水土保持重点工程监督检查20项，完成生产建设项目水土保持设施验收报备项目核查15项。","产出指标","数量指标","完成云南省2025年度山洪灾害防治项目实施方案编制",">=",1,"项","定量指标","反映是否按水利部要求完成“云南省2025年度山洪灾害防治项目实施方案”报告的编制。"]
["水资源和水土保持管理经费","2025年预算年度目标：全面推进云南水文化研究、水利遗产保护、水文化传承和弘扬等工作,提高用水效率，推进节水型社会建设，提高水资源保障能力。具体工作目标如下：\n1.开展2025年度农田灌溉水有效利用系数测算分析工作，完成“云南省2024年度农田灌溉水有效利用系数测算分析成果报告”；\n2.完成元阳哈尼梯田灌溉体系科学内涵研究报告；\n3.开展灌溉试验中心站灌溉定额和灌溉制度定量观测，观测作物不少于10种，开展灌溉试验数据的整编，为农业水价综合改革提供技术支持；\n4.举办科普讲解比赛1次，吸纳至少20人参加讲解比赛；\n5.完成28个县级行政区的河湖“四乱”问题排查整治督导检查、河湖遥感图斑现场排查确认工作；\n6.完成全省3个大中型灌区标准化管理及节水型灌区创建评估验收，编写评估验收意见；完成全省10个及以上千吨万人供水工程标准化管理评价现场复核及全省2个及以上县域农村饮水安全标准化建设技术审核及初验工作；\n7.2025县域节水型社会建设技术指导工作完成数达到8个以上；\n8.开展技术指导5次以上，完成2个及以上县（市、区）或灌区农业水价综合改革现场检查；\n9.开展2025年度生态清洁小流域建设推进情况督导和对经各州（市）认定为完成生态清洁小流域建设任务的项目进行抽查复核；\n10.完成水土保持重点工程监督检查20项，完成生产建设项目水土保持设施验收报备项目核查15项。","产出指标","数量指标","完成项目监理服务",">=",1,"项","定量指标","反映完成项目监理服务情况。"]
["水资源和水土保持管理经费","2025年预算年度目标：全面推进云南水文化研究、水利遗产保护、水文化传承和弘扬等工作,提高用水效率，推进节水型社会建设，提高水资源保障能力。具体工作目标如下：\n1.开展2025年度农田灌溉水有效利用系数测算分析工作，完成“云南省2024年度农田灌溉水有效利用系数测算分析成果报告”；\n2.完成元阳哈尼梯田灌溉体系科学内涵研究报告；\n3.开展灌溉试验中心站灌溉定额和灌溉制度定量观测，观测作物不少于10种，开展灌溉试验数据的整编，为农业水价综合改革提供技术支持；\n4.举办科普讲解比赛1次，吸纳至少20人参加讲解比赛；\n5.完成28个县级行政区的河湖“四乱”问题排查整治督导检查、河湖遥感图斑现场排查确认工作；\n6.完成全省3个大中型灌区标准化管理及节水型灌区创建评估验收，编写评估验收意见；完成全省10个及以上千吨万人供水工程标准化管理评价现场复核及全省2个及以上县域农村饮水安全标准化建设技术审核及初验工作；\n7.2025县域节水型社会建设技术指导工作完成数达到8个以上；\n8.开展技术指导5次以上，完成2个及以上县（市、区）或灌区农业水价综合改革现场检查；\n9.开展2025年度生态清洁小流域建设推进情况督导和对经各州（市）认定为完成生态清洁小流域建设任务的项目进行抽查复核；\n10.完成水土保持重点工程监督检查20项，完成生产建设项目水土保持设施验收报备项目核查15项。","产出指标","数量指标","完成项目审计服务",">=",1,"项","定量指标","反映完成2025年度山洪灾害防治项目审计服务情况。"]
["水资源和水土保持管理经费","2025年预算年度目标：全面推进云南水文化研究、水利遗产保护、水文化传承和弘扬等工作,提高用水效率，推进节水型社会建设，提高水资源保障能力。具体工作目标如下：\n1.开展2025年度农田灌溉水有效利用系数测算分析工作，完成“云南省2024年度农田灌溉水有效利用系数测算分析成果报告”；\n2.完成元阳哈尼梯田灌溉体系科学内涵研究报告；\n3.开展灌溉试验中心站灌溉定额和灌溉制度定量观测，观测作物不少于10种，开展灌溉试验数据的整编，为农业水价综合改革提供技术支持；\n4.举办科普讲解比赛1次，吸纳至少20人参加讲解比赛；\n5.完成28个县级行政区的河湖“四乱”问题排查整治督导检查、河湖遥感图斑现场排查确认工作；\n6.完成全省3个大中型灌区标准化管理及节水型灌区创建评估验收，编写评估验收意见；完成全省10个及以上千吨万人供水工程标准化管理评价现场复核及全省2个及以上县域农村饮水安全标准化建设技术审核及初验工作；\n7.2025县域节水型社会建设技术指导工作完成数达到8个以上；\n8.开展技术指导5次以上，完成2个及以上县（市、区）或灌区农业水价综合改革现场检查；\n9.开展2025年度生态清洁小流域建设推进情况督导和对经各州（市）认定为完成生态清洁小流域建设任务的项目进行抽查复核；\n10.完成水土保持重点工程监督检查20项，完成生产建设项目水土保持设施验收报备项目核查15项。","产出指标","数量指标","完成“云南省年度农田灌溉水有效利用系数测算分析成果报告”","=","1","项","定量指标","完成“云南省年度农田灌溉水有效利用系数测算分析成果报告”"]
["水资源和水土保持管理经费","2025年预算年度目标：全面推进云南水文化研究、水利遗产保护、水文化传承和弘扬等工作,提高用水效率，推进节水型社会建设，提高水资源保障能力。具体工作目标如下：\n1.开展2025年度农田灌溉水有效利用系数测算分析工作，完成“云南省2024年度农田灌溉水有效利用系数测算分析成果报告”；\n2.完成元阳哈尼梯田灌溉体系科学内涵研究报告；\n3.开展灌溉试验中心站灌溉定额和灌溉制度定量观测，观测作物不少于10种，开展灌溉试验数据的整编，为农业水价综合改革提供技术支持；\n4.举办科普讲解比赛1次，吸纳至少20人参加讲解比赛；\n5.完成28个县级行政区的河湖“四乱”问题排查整治督导检查、河湖遥感图斑现场排查确认工作；\n6.完成全省3个大中型灌区标准化管理及节水型灌区创建评估验收，编写评估验收意见；完成全省10个及以上千吨万人供水工程标准化管理评价现场复核及全省2个及以上县域农村饮水安全标准化建设技术审核及初验工作；\n7.2025县域节水型社会建设技术指导工作完成数达到8个以上；\n8.开展技术指导5次以上，完成2个及以上县（市、区）或灌区农业水价综合改革现场检查；\n9.开展2025年度生态清洁小流域建设推进情况督导和对经各州（市）认定为完成生态清洁小流域建设任务的项目进行抽查复核；\n10.完成水土保持重点工程监督检查20项，完成生产建设项目水土保持设施验收报备项目核查15项。","产出指标","数量指标","农田灌溉水有效利用系数测算样点灌区技术指导",">=","7","次","定量指标","完成7次以上农田灌溉水有效利用系数测算样点灌区技术指导"]
["水资源和水土保持管理经费","2025年预算年度目标：全面推进云南水文化研究、水利遗产保护、水文化传承和弘扬等工作,提高用水效率，推进节水型社会建设，提高水资源保障能力。具体工作目标如下：\n1.开展2025年度农田灌溉水有效利用系数测算分析工作，完成“云南省2024年度农田灌溉水有效利用系数测算分析成果报告”；\n2.完成元阳哈尼梯田灌溉体系科学内涵研究报告；\n3.开展灌溉试验中心站灌溉定额和灌溉制度定量观测，观测作物不少于10种，开展灌溉试验数据的整编，为农业水价综合改革提供技术支持；\n4.举办科普讲解比赛1次，吸纳至少20人参加讲解比赛；\n5.完成28个县级行政区的河湖“四乱”问题排查整治督导检查、河湖遥感图斑现场排查确认工作；\n6.完成全省3个大中型灌区标准化管理及节水型灌区创建评估验收，编写评估验收意见；完成全省10个及以上千吨万人供水工程标准化管理评价现场复核及全省2个及以上县域农村饮水安全标准化建设技术审核及初验工作；\n7.2025县域节水型社会建设技术指导工作完成数达到8个以上；\n8.开展技术指导5次以上，完成2个及以上县（市、区）或灌区农业水价综合改革现场检查；\n9.开展2025年度生态清洁小流域建设推进情况督导和对经各州（市）认定为完成生态清洁小流域建设任务的项目进行抽查复核；\n10.完成水土保持重点工程监督检查20项，完成生产建设项目水土保持设施验收报备项目核查15项。","产出指标","数量指标","千吨万人供水工程标准化管理评价现场复核",">=","10","个","定量指标","完成全省10个及以上千吨万人供水工程标准化管理评价现场复核，并编写完成复核意见"]
["水资源和水土保持管理经费","2025年预算年度目标：全面推进云南水文化研究、水利遗产保护、水文化传承和弘扬等工作,提高用水效率，推进节水型社会建设，提高水资源保障能力。具体工作目标如下：\n1.开展2025年度农田灌溉水有效利用系数测算分析工作，完成“云南省2024年度农田灌溉水有效利用系数测算分析成果报告”；\n2.完成元阳哈尼梯田灌溉体系科学内涵研究报告；\n3.开展灌溉试验中心站灌溉定额和灌溉制度定量观测，观测作物不少于10种，开展灌溉试验数据的整编，为农业水价综合改革提供技术支持；\n4.举办科普讲解比赛1次，吸纳至少20人参加讲解比赛；\n5.完成28个县级行政区的河湖“四乱”问题排查整治督导检查、河湖遥感图斑现场排查确认工作；\n6.完成全省3个大中型灌区标准化管理及节水型灌区创建评估验收，编写评估验收意见；完成全省10个及以上千吨万人供水工程标准化管理评价现场复核及全省2个及以上县域农村饮水安全标准化建设技术审核及初验工作；\n7.2025县域节水型社会建设技术指导工作完成数达到8个以上；\n8.开展技术指导5次以上，完成2个及以上县（市、区）或灌区农业水价综合改革现场检查；\n9.开展2025年度生态清洁小流域建设推进情况督导和对经各州（市）认定为完成生态清洁小流域建设任务的项目进行抽查复核；\n10.完成水土保持重点工程监督检查20项，完成生产建设项目水土保持设施验收报备项目核查15项。","产出指标","数量指标","大中型灌区标准化管理及节水型灌区创建现场评估验收",">=","3","个","定量指标","完成全省3个及以上大中型灌区标准化管理及节水型灌区创建评估验收，编写评估验收意见"]
["水资源和水土保持管理经费","2025年预算年度目标：全面推进云南水文化研究、水利遗产保护、水文化传承和弘扬等工作,提高用水效率，推进节水型社会建设，提高水资源保障能力。具体工作目标如下：\n1.开展2025年度农田灌溉水有效利用系数测算分析工作，完成“云南省2024年度农田灌溉水有效利用系数测算分析成果报告”；\n2.完成元阳哈尼梯田灌溉体系科学内涵研究报告；\n3.开展灌溉试验中心站灌溉定额和灌溉制度定量观测，观测作物不少于10种，开展灌溉试验数据的整编，为农业水价综合改革提供技术支持；\n4.举办科普讲解比赛1次，吸纳至少20人参加讲解比赛；\n5.完成28个县级行政区的河湖“四乱”问题排查整治督导检查、河湖遥感图斑现场排查确认工作；\n6.完成全省3个大中型灌区标准化管理及节水型灌区创建评估验收，编写评估验收意见；完成全省10个及以上千吨万人供水工程标准化管理评价现场复核及全省2个及以上县域农村饮水安全标准化建设技术审核及初验工作；\n7.2025县域节水型社会建设技术指导工作完成数达到8个以上；\n8.开展技术指导5次以上，完成2个及以上县（市、区）或灌区农业水价综合改革现场检查；\n9.开展2025年度生态清洁小流域建设推进情况督导和对经各州（市）认定为完成生态清洁小流域建设任务的项目进行抽查复核；\n10.完成水土保持重点工程监督检查20项，完成生产建设项目水土保持设施验收报备项目核查15项。","产出指标","数量指标","灌区标准化管理及节水型灌区创建技术指导",">=","3","次","定量指标","完成灌区标准化管理及节水型灌区创建技术指导3次以上"]
["水资源和水土保持管理经费","2025年预算年度目标：全面推进云南水文化研究、水利遗产保护、水文化传承和弘扬等工作,提高用水效率，推进节水型社会建设，提高水资源保障能力。具体工作目标如下：\n1.开展2025年度农田灌溉水有效利用系数测算分析工作，完成“云南省2024年度农田灌溉水有效利用系数测算分析成果报告”；\n2.完成元阳哈尼梯田灌溉体系科学内涵研究报告；\n3.开展灌溉试验中心站灌溉定额和灌溉制度定量观测，观测作物不少于10种，开展灌溉试验数据的整编，为农业水价综合改革提供技术支持；\n4.举办科普讲解比赛1次，吸纳至少20人参加讲解比赛；\n5.完成28个县级行政区的河湖“四乱”问题排查整治督导检查、河湖遥感图斑现场排查确认工作；\n6.完成全省3个大中型灌区标准化管理及节水型灌区创建评估验收，编写评估验收意见；完成全省10个及以上千吨万人供水工程标准化管理评价现场复核及全省2个及以上县域农村饮水安全标准化建设技术审核及初验工作；\n7.2025县域节水型社会建设技术指导工作完成数达到8个以上；\n8.开展技术指导5次以上，完成2个及以上县（市、区）或灌区农业水价综合改革现场检查；\n9.开展2025年度生态清洁小流域建设推进情况督导和对经各州（市）认定为完成生态清洁小流域建设任务的项目进行抽查复核；\n10.完成水土保持重点工程监督检查20项，完成生产建设项目水土保持设施验收报备项目核查15项。","产出指标","数量指标","农业水价综合改革县（市、区）现场抽查",">=","2","个","定量指标","完成全省2个及以上县（市、区）的现场抽查，并编写完成抽查意见"]
["水资源和水土保持管理经费","2025年预算年度目标：全面推进云南水文化研究、水利遗产保护、水文化传承和弘扬等工作,提高用水效率，推进节水型社会建设，提高水资源保障能力。具体工作目标如下：\n1.开展2025年度农田灌溉水有效利用系数测算分析工作，完成“云南省2024年度农田灌溉水有效利用系数测算分析成果报告”；\n2.完成元阳哈尼梯田灌溉体系科学内涵研究报告；\n3.开展灌溉试验中心站灌溉定额和灌溉制度定量观测，观测作物不少于10种，开展灌溉试验数据的整编，为农业水价综合改革提供技术支持；\n4.举办科普讲解比赛1次，吸纳至少20人参加讲解比赛；\n5.完成28个县级行政区的河湖“四乱”问题排查整治督导检查、河湖遥感图斑现场排查确认工作；\n6.完成全省3个大中型灌区标准化管理及节水型灌区创建评估验收，编写评估验收意见；完成全省10个及以上千吨万人供水工程标准化管理评价现场复核及全省2个及以上县域农村饮水安全标准化建设技术审核及初验工作；\n7.2025县域节水型社会建设技术指导工作完成数达到8个以上；\n8.开展技术指导5次以上，完成2个及以上县（市、区）或灌区农业水价综合改革现场检查；\n9.开展2025年度生态清洁小流域建设推进情况督导和对经各州（市）认定为完成生态清洁小流域建设任务的项目进行抽查复核；\n10.完成水土保持重点工程监督检查20项，完成生产建设项目水土保持设施验收报备项目核查15项。","产出指标","数量指标","农业水价综合改革工作技术指导",">=","5","次","定量指标","完成农业水价综合改革工作技术指导5次以上"]
["水资源和水土保持管理经费","2025年预算年度目标：全面推进云南水文化研究、水利遗产保护、水文化传承和弘扬等工作,提高用水效率，推进节水型社会建设，提高水资源保障能力。具体工作目标如下：\n1.开展2025年度农田灌溉水有效利用系数测算分析工作，完成“云南省2024年度农田灌溉水有效利用系数测算分析成果报告”；\n2.完成元阳哈尼梯田灌溉体系科学内涵研究报告；\n3.开展灌溉试验中心站灌溉定额和灌溉制度定量观测，观测作物不少于10种，开展灌溉试验数据的整编，为农业水价综合改革提供技术支持；\n4.举办科普讲解比赛1次，吸纳至少20人参加讲解比赛；\n5.完成28个县级行政区的河湖“四乱”问题排查整治督导检查、河湖遥感图斑现场排查确认工作；\n6.完成全省3个大中型灌区标准化管理及节水型灌区创建评估验收，编写评估验收意见；完成全省10个及以上千吨万人供水工程标准化管理评价现场复核及全省2个及以上县域农村饮水安全标准化建设技术审核及初验工作；\n7.2025县域节水型社会建设技术指导工作完成数达到8个以上；\n8.开展技术指导5次以上，完成2个及以上县（市、区）或灌区农业水价综合改革现场检查；\n9.开展2025年度生态清洁小流域建设推进情况督导和对经各州（市）认定为完成生态清洁小流域建设任务的项目进行抽查复核；\n10.完成水土保持重点工程监督检查20项，完成生产建设项目水土保持设施验收报备项目核查15项。","产出指标","数量指标","发布指导目录数量",">=",1,"期","定量指标","反映完成发布指导目录数量。"]
["水资源和水土保持管理经费","2025年预算年度目标：全面推进云南水文化研究、水利遗产保护、水文化传承和弘扬等工作,提高用水效率，推进节水型社会建设，提高水资源保障能力。具体工作目标如下：\n1.开展2025年度农田灌溉水有效利用系数测算分析工作，完成“云南省2024年度农田灌溉水有效利用系数测算分析成果报告”；\n2.完成元阳哈尼梯田灌溉体系科学内涵研究报告；\n3.开展灌溉试验中心站灌溉定额和灌溉制度定量观测，观测作物不少于10种，开展灌溉试验数据的整编，为农业水价综合改革提供技术支持；\n4.举办科普讲解比赛1次，吸纳至少20人参加讲解比赛；\n5.完成28个县级行政区的河湖“四乱”问题排查整治督导检查、河湖遥感图斑现场排查确认工作；\n6.完成全省3个大中型灌区标准化管理及节水型灌区创建评估验收，编写评估验收意见；完成全省10个及以上千吨万人供水工程标准化管理评价现场复核及全省2个及以上县域农村饮水安全标准化建设技术审核及初验工作；\n7.2025县域节水型社会建设技术指导工作完成数达到8个以上；\n8.开展技术指导5次以上，完成2个及以上县（市、区）或灌区农业水价综合改革现场检查；\n9.开展2025年度生态清洁小流域建设推进情况督导和对经各州（市）认定为完成生态清洁小流域建设任务的项目进行抽查复核；\n10.完成水土保持重点工程监督检查20项，完成生产建设项目水土保持设施验收报备项目核查15项。","产出指标","数量指标","举办培训会期数",">=",1,"期","定量指标","反映完成举办培训会期数。"]
["水资源和水土保持管理经费","2025年预算年度目标：全面推进云南水文化研究、水利遗产保护、水文化传承和弘扬等工作,提高用水效率，推进节水型社会建设，提高水资源保障能力。具体工作目标如下：\n1.开展2025年度农田灌溉水有效利用系数测算分析工作，完成“云南省2024年度农田灌溉水有效利用系数测算分析成果报告”；\n2.完成元阳哈尼梯田灌溉体系科学内涵研究报告；\n3.开展灌溉试验中心站灌溉定额和灌溉制度定量观测，观测作物不少于10种，开展灌溉试验数据的整编，为农业水价综合改革提供技术支持；\n4.举办科普讲解比赛1次，吸纳至少20人参加讲解比赛；\n5.完成28个县级行政区的河湖“四乱”问题排查整治督导检查、河湖遥感图斑现场排查确认工作；\n6.完成全省3个大中型灌区标准化管理及节水型灌区创建评估验收，编写评估验收意见；完成全省10个及以上千吨万人供水工程标准化管理评价现场复核及全省2个及以上县域农村饮水安全标准化建设技术审核及初验工作；\n7.2025县域节水型社会建设技术指导工作完成数达到8个以上；\n8.开展技术指导5次以上，完成2个及以上县（市、区）或灌区农业水价综合改革现场检查；\n9.开展2025年度生态清洁小流域建设推进情况督导和对经各州（市）认定为完成生态清洁小流域建设任务的项目进行抽查复核；\n10.完成水土保持重点工程监督检查20项，完成生产建设项目水土保持设施验收报备项目核查15项。","产出指标","数量指标","水资源调查评估报告",">=",1,"项","定量指标","反映水资源调查评估报告完成情况。"]
["水资源和水土保持管理经费","2025年预算年度目标：全面推进云南水文化研究、水利遗产保护、水文化传承和弘扬等工作,提高用水效率，推进节水型社会建设，提高水资源保障能力。具体工作目标如下：\n1.开展2025年度农田灌溉水有效利用系数测算分析工作，完成“云南省2024年度农田灌溉水有效利用系数测算分析成果报告”；\n2.完成元阳哈尼梯田灌溉体系科学内涵研究报告；\n3.开展灌溉试验中心站灌溉定额和灌溉制度定量观测，观测作物不少于10种，开展灌溉试验数据的整编，为农业水价综合改革提供技术支持；\n4.举办科普讲解比赛1次，吸纳至少20人参加讲解比赛；\n5.完成28个县级行政区的河湖“四乱”问题排查整治督导检查、河湖遥感图斑现场排查确认工作；\n6.完成全省3个大中型灌区标准化管理及节水型灌区创建评估验收，编写评估验收意见；完成全省10个及以上千吨万人供水工程标准化管理评价现场复核及全省2个及以上县域农村饮水安全标准化建设技术审核及初验工作；\n7.2025县域节水型社会建设技术指导工作完成数达到8个以上；\n8.开展技术指导5次以上，完成2个及以上县（市、区）或灌区农业水价综合改革现场检查；\n9.开展2025年度生态清洁小流域建设推进情况督导和对经各州（市）认定为完成生态清洁小流域建设任务的项目进行抽查复核；\n10.完成水土保持重点工程监督检查20项，完成生产建设项目水土保持设施验收报备项目核查15项。","产出指标","数量指标","水土保持设施验收报备项目现场核查数量",">=","15","个","定量指标","反映水土保持设施验收报备项目现场核查数量完成情况。按照水利部要求，每年现场核查比例不低于10%。"]
["水资源和水土保持管理经费","2025年预算年度目标：全面推进云南水文化研究、水利遗产保护、水文化传承和弘扬等工作,提高用水效率，推进节水型社会建设，提高水资源保障能力。具体工作目标如下：\n1.开展2025年度农田灌溉水有效利用系数测算分析工作，完成“云南省2024年度农田灌溉水有效利用系数测算分析成果报告”；\n2.完成元阳哈尼梯田灌溉体系科学内涵研究报告；\n3.开展灌溉试验中心站灌溉定额和灌溉制度定量观测，观测作物不少于10种，开展灌溉试验数据的整编，为农业水价综合改革提供技术支持；\n4.举办科普讲解比赛1次，吸纳至少20人参加讲解比赛；\n5.完成28个县级行政区的河湖“四乱”问题排查整治督导检查、河湖遥感图斑现场排查确认工作；\n6.完成全省3个大中型灌区标准化管理及节水型灌区创建评估验收，编写评估验收意见；完成全省10个及以上千吨万人供水工程标准化管理评价现场复核及全省2个及以上县域农村饮水安全标准化建设技术审核及初验工作；\n7.2025县域节水型社会建设技术指导工作完成数达到8个以上；\n8.开展技术指导5次以上，完成2个及以上县（市、区）或灌区农业水价综合改革现场检查；\n9.开展2025年度生态清洁小流域建设推进情况督导和对经各州（市）认定为完成生态清洁小流域建设任务的项目进行抽查复核；\n10.完成水土保持重点工程监督检查20项，完成生产建设项目水土保持设施验收报备项目核查15项。","产出指标","数量指标","水土保持工程监督检查任务数量",">=","20","个","定量指标","反映完成国家水土保持重点工程、坡耕地水土流失综合治理工程监督检查任务数量情况。"]
["水资源和水土保持管理经费","2025年预算年度目标：全面推进云南水文化研究、水利遗产保护、水文化传承和弘扬等工作,提高用水效率，推进节水型社会建设，提高水资源保障能力。具体工作目标如下：\n1.开展2025年度农田灌溉水有效利用系数测算分析工作，完成“云南省2024年度农田灌溉水有效利用系数测算分析成果报告”；\n2.完成元阳哈尼梯田灌溉体系科学内涵研究报告；\n3.开展灌溉试验中心站灌溉定额和灌溉制度定量观测，观测作物不少于10种，开展灌溉试验数据的整编，为农业水价综合改革提供技术支持；\n4.举办科普讲解比赛1次，吸纳至少20人参加讲解比赛；\n5.完成28个县级行政区的河湖“四乱”问题排查整治督导检查、河湖遥感图斑现场排查确认工作；\n6.完成全省3个大中型灌区标准化管理及节水型灌区创建评估验收，编写评估验收意见；完成全省10个及以上千吨万人供水工程标准化管理评价现场复核及全省2个及以上县域农村饮水安全标准化建设技术审核及初验工作；\n7.2025县域节水型社会建设技术指导工作完成数达到8个以上；\n8.开展技术指导5次以上，完成2个及以上县（市、区）或灌区农业水价综合改革现场检查；\n9.开展2025年度生态清洁小流域建设推进情况督导和对经各州（市）认定为完成生态清洁小流域建设任务的项目进行抽查复核；\n10.完成水土保持重点工程监督检查20项，完成生产建设项目水土保持设施验收报备项目核查15项。","产出指标","数量指标","生态清洁小流域认定现场抽查数量",">=","10","个","定量指标","反映生态清洁小流域现场抽查项目的数量。"]
["水资源和水土保持管理经费","2025年预算年度目标：全面推进云南水文化研究、水利遗产保护、水文化传承和弘扬等工作,提高用水效率，推进节水型社会建设，提高水资源保障能力。具体工作目标如下：\n1.开展2025年度农田灌溉水有效利用系数测算分析工作，完成“云南省2024年度农田灌溉水有效利用系数测算分析成果报告”；\n2.完成元阳哈尼梯田灌溉体系科学内涵研究报告；\n3.开展灌溉试验中心站灌溉定额和灌溉制度定量观测，观测作物不少于10种，开展灌溉试验数据的整编，为农业水价综合改革提供技术支持；\n4.举办科普讲解比赛1次，吸纳至少20人参加讲解比赛；\n5.完成28个县级行政区的河湖“四乱”问题排查整治督导检查、河湖遥感图斑现场排查确认工作；\n6.完成全省3个大中型灌区标准化管理及节水型灌区创建评估验收，编写评估验收意见；完成全省10个及以上千吨万人供水工程标准化管理评价现场复核及全省2个及以上县域农村饮水安全标准化建设技术审核及初验工作；\n7.2025县域节水型社会建设技术指导工作完成数达到8个以上；\n8.开展技术指导5次以上，完成2个及以上县（市、区）或灌区农业水价综合改革现场检查；\n9.开展2025年度生态清洁小流域建设推进情况督导和对经各州（市）认定为完成生态清洁小流域建设任务的项目进行抽查复核；\n10.完成水土保持重点工程监督检查20项，完成生产建设项目水土保持设施验收报备项目核查15项。","产出指标","数量指标","县域农村饮水安全标准化建设验收",">=","2","个","定量指标","完成全省2个及以上县域农村饮水安全标准化建设验收，并编写完成复核意见"]
["水资源和水土保持管理经费","2025年预算年度目标：全面推进云南水文化研究、水利遗产保护、水文化传承和弘扬等工作,提高用水效率，推进节水型社会建设，提高水资源保障能力。具体工作目标如下：\n1.开展2025年度农田灌溉水有效利用系数测算分析工作，完成“云南省2024年度农田灌溉水有效利用系数测算分析成果报告”；\n2.完成元阳哈尼梯田灌溉体系科学内涵研究报告；\n3.开展灌溉试验中心站灌溉定额和灌溉制度定量观测，观测作物不少于10种，开展灌溉试验数据的整编，为农业水价综合改革提供技术支持；\n4.举办科普讲解比赛1次，吸纳至少20人参加讲解比赛；\n5.完成28个县级行政区的河湖“四乱”问题排查整治督导检查、河湖遥感图斑现场排查确认工作；\n6.完成全省3个大中型灌区标准化管理及节水型灌区创建评估验收，编写评估验收意见；完成全省10个及以上千吨万人供水工程标准化管理评价现场复核及全省2个及以上县域农村饮水安全标准化建设技术审核及初验工作；\n7.2025县域节水型社会建设技术指导工作完成数达到8个以上；\n8.开展技术指导5次以上，完成2个及以上县（市、区）或灌区农业水价综合改革现场检查；\n9.开展2025年度生态清洁小流域建设推进情况督导和对经各州（市）认定为完成生态清洁小流域建设任务的项目进行抽查复核；\n10.完成水土保持重点工程监督检查20项，完成生产建设项目水土保持设施验收报备项目核查15项。","产出指标","数量指标","完成农业用水总量核算成果报告","=",1,"个","定量指标","反映最严格水资源管理考核技术支撑内容\n"]
["水资源和水土保持管理经费","2025年预算年度目标：全面推进云南水文化研究、水利遗产保护、水文化传承和弘扬等工作,提高用水效率，推进节水型社会建设，提高水资源保障能力。具体工作目标如下：\n1.开展2025年度农田灌溉水有效利用系数测算分析工作，完成“云南省2024年度农田灌溉水有效利用系数测算分析成果报告”；\n2.完成元阳哈尼梯田灌溉体系科学内涵研究报告；\n3.开展灌溉试验中心站灌溉定额和灌溉制度定量观测，观测作物不少于10种，开展灌溉试验数据的整编，为农业水价综合改革提供技术支持；\n4.举办科普讲解比赛1次，吸纳至少20人参加讲解比赛；\n5.完成28个县级行政区的河湖“四乱”问题排查整治督导检查、河湖遥感图斑现场排查确认工作；\n6.完成全省3个大中型灌区标准化管理及节水型灌区创建评估验收，编写评估验收意见；完成全省10个及以上千吨万人供水工程标准化管理评价现场复核及全省2个及以上县域农村饮水安全标准化建设技术审核及初验工作；\n7.2025县域节水型社会建设技术指导工作完成数达到8个以上；\n8.开展技术指导5次以上，完成2个及以上县（市、区）或灌区农业水价综合改革现场检查；\n9.开展2025年度生态清洁小流域建设推进情况督导和对经各州（市）认定为完成生态清洁小流域建设任务的项目进行抽查复核；\n10.完成水土保持重点工程监督检查20项，完成生产建设项目水土保持设施验收报备项目核查15项。","产出指标","数量指标","完成重点站灌溉试验技术指导",">=","4","次","定量指标","大理州、楚雄州、红河州、西双版纳州灌溉试验重点站技术指导"]
["水资源和水土保持管理经费","2025年预算年度目标：全面推进云南水文化研究、水利遗产保护、水文化传承和弘扬等工作,提高用水效率，推进节水型社会建设，提高水资源保障能力。具体工作目标如下：\n1.开展2025年度农田灌溉水有效利用系数测算分析工作，完成“云南省2024年度农田灌溉水有效利用系数测算分析成果报告”；\n2.完成元阳哈尼梯田灌溉体系科学内涵研究报告；\n3.开展灌溉试验中心站灌溉定额和灌溉制度定量观测，观测作物不少于10种，开展灌溉试验数据的整编，为农业水价综合改革提供技术支持；\n4.举办科普讲解比赛1次，吸纳至少20人参加讲解比赛；\n5.完成28个县级行政区的河湖“四乱”问题排查整治督导检查、河湖遥感图斑现场排查确认工作；\n6.完成全省3个大中型灌区标准化管理及节水型灌区创建评估验收，编写评估验收意见；完成全省10个及以上千吨万人供水工程标准化管理评价现场复核及全省2个及以上县域农村饮水安全标准化建设技术审核及初验工作；\n7.2025县域节水型社会建设技术指导工作完成数达到8个以上；\n8.开展技术指导5次以上，完成2个及以上县（市、区）或灌区农业水价综合改革现场检查；\n9.开展2025年度生态清洁小流域建设推进情况督导和对经各州（市）认定为完成生态清洁小流域建设任务的项目进行抽查复核；\n10.完成水土保持重点工程监督检查20项，完成生产建设项目水土保持设施验收报备项目核查15项。","产出指标","数量指标","可刊用的咨询报告数量",">=",1,"篇","定量指标","反映可刊用的咨询报告数量"]
["水资源和水土保持管理经费","2025年预算年度目标：全面推进云南水文化研究、水利遗产保护、水文化传承和弘扬等工作,提高用水效率，推进节水型社会建设，提高水资源保障能力。具体工作目标如下：\n1.开展2025年度农田灌溉水有效利用系数测算分析工作，完成“云南省2024年度农田灌溉水有效利用系数测算分析成果报告”；\n2.完成元阳哈尼梯田灌溉体系科学内涵研究报告；\n3.开展灌溉试验中心站灌溉定额和灌溉制度定量观测，观测作物不少于10种，开展灌溉试验数据的整编，为农业水价综合改革提供技术支持；\n4.举办科普讲解比赛1次，吸纳至少20人参加讲解比赛；\n5.完成28个县级行政区的河湖“四乱”问题排查整治督导检查、河湖遥感图斑现场排查确认工作；\n6.完成全省3个大中型灌区标准化管理及节水型灌区创建评估验收，编写评估验收意见；完成全省10个及以上千吨万人供水工程标准化管理评价现场复核及全省2个及以上县域农村饮水安全标准化建设技术审核及初验工作；\n7.2025县域节水型社会建设技术指导工作完成数达到8个以上；\n8.开展技术指导5次以上，完成2个及以上县（市、区）或灌区农业水价综合改革现场检查；\n9.开展2025年度生态清洁小流域建设推进情况督导和对经各州（市）认定为完成生态清洁小流域建设任务的项目进行抽查复核；\n10.完成水土保持重点工程监督检查20项，完成生产建设项目水土保持设施验收报备项目核查15项。","产出指标","数量指标","课题研究总报告数量",">=",1,"篇","定量指标","反映该课题研究总报告的完成情况。"]
["水资源和水土保持管理经费","2025年预算年度目标：全面推进云南水文化研究、水利遗产保护、水文化传承和弘扬等工作,提高用水效率，推进节水型社会建设，提高水资源保障能力。具体工作目标如下：\n1.开展2025年度农田灌溉水有效利用系数测算分析工作，完成“云南省2024年度农田灌溉水有效利用系数测算分析成果报告”；\n2.完成元阳哈尼梯田灌溉体系科学内涵研究报告；\n3.开展灌溉试验中心站灌溉定额和灌溉制度定量观测，观测作物不少于10种，开展灌溉试验数据的整编，为农业水价综合改革提供技术支持；\n4.举办科普讲解比赛1次，吸纳至少20人参加讲解比赛；\n5.完成28个县级行政区的河湖“四乱”问题排查整治督导检查、河湖遥感图斑现场排查确认工作；\n6.完成全省3个大中型灌区标准化管理及节水型灌区创建评估验收，编写评估验收意见；完成全省10个及以上千吨万人供水工程标准化管理评价现场复核及全省2个及以上县域农村饮水安全标准化建设技术审核及初验工作；\n7.2025县域节水型社会建设技术指导工作完成数达到8个以上；\n8.开展技术指导5次以上，完成2个及以上县（市、区）或灌区农业水价综合改革现场检查；\n9.开展2025年度生态清洁小流域建设推进情况督导和对经各州（市）认定为完成生态清洁小流域建设任务的项目进行抽查复核；\n10.完成水土保持重点工程监督检查20项，完成生产建设项目水土保持设施验收报备项目核查15项。","产出指标","数量指标","完成“云南省水资源高效利用调查”","=","2","项","定量指标","反映“云南省年重点流域水资源现状”情况。"]
["水资源和水土保持管理经费","2025年预算年度目标：全面推进云南水文化研究、水利遗产保护、水文化传承和弘扬等工作,提高用水效率，推进节水型社会建设，提高水资源保障能力。具体工作目标如下：\n1.开展2025年度农田灌溉水有效利用系数测算分析工作，完成“云南省2024年度农田灌溉水有效利用系数测算分析成果报告”；\n2.完成元阳哈尼梯田灌溉体系科学内涵研究报告；\n3.开展灌溉试验中心站灌溉定额和灌溉制度定量观测，观测作物不少于10种，开展灌溉试验数据的整编，为农业水价综合改革提供技术支持；\n4.举办科普讲解比赛1次，吸纳至少20人参加讲解比赛；\n5.完成28个县级行政区的河湖“四乱”问题排查整治督导检查、河湖遥感图斑现场排查确认工作；\n6.完成全省3个大中型灌区标准化管理及节水型灌区创建评估验收，编写评估验收意见；完成全省10个及以上千吨万人供水工程标准化管理评价现场复核及全省2个及以上县域农村饮水安全标准化建设技术审核及初验工作；\n7.2025县域节水型社会建设技术指导工作完成数达到8个以上；\n8.开展技术指导5次以上，完成2个及以上县（市、区）或灌区农业水价综合改革现场检查；\n9.开展2025年度生态清洁小流域建设推进情况督导和对经各州（市）认定为完成生态清洁小流域建设任务的项目进行抽查复核；\n10.完成水土保持重点工程监督检查20项，完成生产建设项目水土保持设施验收报备项目核查15项。","产出指标","数量指标","完成“云南省重点流域水资源高效利用调查报告”","=",1,"项","定量指标","反映“云南省重点流域水资源高效利用调查报告”完成情况。"]
["水资源和水土保持管理经费","2025年预算年度目标：全面推进云南水文化研究、水利遗产保护、水文化传承和弘扬等工作,提高用水效率，推进节水型社会建设，提高水资源保障能力。具体工作目标如下：\n1.开展2025年度农田灌溉水有效利用系数测算分析工作，完成“云南省2024年度农田灌溉水有效利用系数测算分析成果报告”；\n2.完成元阳哈尼梯田灌溉体系科学内涵研究报告；\n3.开展灌溉试验中心站灌溉定额和灌溉制度定量观测，观测作物不少于10种，开展灌溉试验数据的整编，为农业水价综合改革提供技术支持；\n4.举办科普讲解比赛1次，吸纳至少20人参加讲解比赛；\n5.完成28个县级行政区的河湖“四乱”问题排查整治督导检查、河湖遥感图斑现场排查确认工作；\n6.完成全省3个大中型灌区标准化管理及节水型灌区创建评估验收，编写评估验收意见；完成全省10个及以上千吨万人供水工程标准化管理评价现场复核及全省2个及以上县域农村饮水安全标准化建设技术审核及初验工作；\n7.2025县域节水型社会建设技术指导工作完成数达到8个以上；\n8.开展技术指导5次以上，完成2个及以上县（市、区）或灌区农业水价综合改革现场检查；\n9.开展2025年度生态清洁小流域建设推进情况督导和对经各州（市）认定为完成生态清洁小流域建设任务的项目进行抽查复核；\n10.完成水土保持重点工程监督检查20项，完成生产建设项目水土保持设施验收报备项目核查15项。","产出指标","数量指标","申报专利（软著）",">=","2","项","定量指标","反映申报专利完成情况"]
["水资源和水土保持管理经费","2025年预算年度目标：全面推进云南水文化研究、水利遗产保护、水文化传承和弘扬等工作,提高用水效率，推进节水型社会建设，提高水资源保障能力。具体工作目标如下：\n1.开展2025年度农田灌溉水有效利用系数测算分析工作，完成“云南省2024年度农田灌溉水有效利用系数测算分析成果报告”；\n2.完成元阳哈尼梯田灌溉体系科学内涵研究报告；\n3.开展灌溉试验中心站灌溉定额和灌溉制度定量观测，观测作物不少于10种，开展灌溉试验数据的整编，为农业水价综合改革提供技术支持；\n4.举办科普讲解比赛1次，吸纳至少20人参加讲解比赛；\n5.完成28个县级行政区的河湖“四乱”问题排查整治督导检查、河湖遥感图斑现场排查确认工作；\n6.完成全省3个大中型灌区标准化管理及节水型灌区创建评估验收，编写评估验收意见；完成全省10个及以上千吨万人供水工程标准化管理评价现场复核及全省2个及以上县域农村饮水安全标准化建设技术审核及初验工作；\n7.2025县域节水型社会建设技术指导工作完成数达到8个以上；\n8.开展技术指导5次以上，完成2个及以上县（市、区）或灌区农业水价综合改革现场检查；\n9.开展2025年度生态清洁小流域建设推进情况督导和对经各州（市）认定为完成生态清洁小流域建设任务的项目进行抽查复核；\n10.完成水土保持重点工程监督检查20项，完成生产建设项目水土保持设施验收报备项目核查15项。","产出指标","数量指标","论文数量",">=","2","篇","定量指标","反映论文成果的数量。"]
["水资源和水土保持管理经费","2025年预算年度目标：全面推进云南水文化研究、水利遗产保护、水文化传承和弘扬等工作,提高用水效率，推进节水型社会建设，提高水资源保障能力。具体工作目标如下：\n1.开展2025年度农田灌溉水有效利用系数测算分析工作，完成“云南省2024年度农田灌溉水有效利用系数测算分析成果报告”；\n2.完成元阳哈尼梯田灌溉体系科学内涵研究报告；\n3.开展灌溉试验中心站灌溉定额和灌溉制度定量观测，观测作物不少于10种，开展灌溉试验数据的整编，为农业水价综合改革提供技术支持；\n4.举办科普讲解比赛1次，吸纳至少20人参加讲解比赛；\n5.完成28个县级行政区的河湖“四乱”问题排查整治督导检查、河湖遥感图斑现场排查确认工作；\n6.完成全省3个大中型灌区标准化管理及节水型灌区创建评估验收，编写评估验收意见；完成全省10个及以上千吨万人供水工程标准化管理评价现场复核及全省2个及以上县域农村饮水安全标准化建设技术审核及初验工作；\n7.2025县域节水型社会建设技术指导工作完成数达到8个以上；\n8.开展技术指导5次以上，完成2个及以上县（市、区）或灌区农业水价综合改革现场检查；\n9.开展2025年度生态清洁小流域建设推进情况督导和对经各州（市）认定为完成生态清洁小流域建设任务的项目进行抽查复核；\n10.完成水土保持重点工程监督检查20项，完成生产建设项目水土保持设施验收报备项目核查15项。","产出指标","数量指标","地方标准数量",">=",1,"项","定量指标","反映地方标准成果的数量。"]
["水资源和水土保持管理经费","2025年预算年度目标：全面推进云南水文化研究、水利遗产保护、水文化传承和弘扬等工作,提高用水效率，推进节水型社会建设，提高水资源保障能力。具体工作目标如下：\n1.开展2025年度农田灌溉水有效利用系数测算分析工作，完成“云南省2024年度农田灌溉水有效利用系数测算分析成果报告”；\n2.完成元阳哈尼梯田灌溉体系科学内涵研究报告；\n3.开展灌溉试验中心站灌溉定额和灌溉制度定量观测，观测作物不少于10种，开展灌溉试验数据的整编，为农业水价综合改革提供技术支持；\n4.举办科普讲解比赛1次，吸纳至少20人参加讲解比赛；\n5.完成28个县级行政区的河湖“四乱”问题排查整治督导检查、河湖遥感图斑现场排查确认工作；\n6.完成全省3个大中型灌区标准化管理及节水型灌区创建评估验收，编写评估验收意见；完成全省10个及以上千吨万人供水工程标准化管理评价现场复核及全省2个及以上县域农村饮水安全标准化建设技术审核及初验工作；\n7.2025县域节水型社会建设技术指导工作完成数达到8个以上；\n8.开展技术指导5次以上，完成2个及以上县（市、区）或灌区农业水价综合改革现场检查；\n9.开展2025年度生态清洁小流域建设推进情况督导和对经各州（市）认定为完成生态清洁小流域建设任务的项目进行抽查复核；\n10.完成水土保持重点工程监督检查20项，完成生产建设项目水土保持设施验收报备项目核查15项。","产出指标","数量指标","完成元阳哈尼梯田灌溉体系科学内涵研究报告","=",1,"项","定量指标","完成元阳哈尼梯田灌溉体系科学内涵研究报告。"]
["水资源和水土保持管理经费","2025年预算年度目标：全面推进云南水文化研究、水利遗产保护、水文化传承和弘扬等工作,提高用水效率，推进节水型社会建设，提高水资源保障能力。具体工作目标如下：\n1.开展2025年度农田灌溉水有效利用系数测算分析工作，完成“云南省2024年度农田灌溉水有效利用系数测算分析成果报告”；\n2.完成元阳哈尼梯田灌溉体系科学内涵研究报告；\n3.开展灌溉试验中心站灌溉定额和灌溉制度定量观测，观测作物不少于10种，开展灌溉试验数据的整编，为农业水价综合改革提供技术支持；\n4.举办科普讲解比赛1次，吸纳至少20人参加讲解比赛；\n5.完成28个县级行政区的河湖“四乱”问题排查整治督导检查、河湖遥感图斑现场排查确认工作；\n6.完成全省3个大中型灌区标准化管理及节水型灌区创建评估验收，编写评估验收意见；完成全省10个及以上千吨万人供水工程标准化管理评价现场复核及全省2个及以上县域农村饮水安全标准化建设技术审核及初验工作；\n7.2025县域节水型社会建设技术指导工作完成数达到8个以上；\n8.开展技术指导5次以上，完成2个及以上县（市、区）或灌区农业水价综合改革现场检查；\n9.开展2025年度生态清洁小流域建设推进情况督导和对经各州（市）认定为完成生态清洁小流域建设任务的项目进行抽查复核；\n10.完成水土保持重点工程监督检查20项，完成生产建设项目水土保持设施验收报备项目核查15项。","产出指标","数量指标","撰写发表论文数量",">=",1,"篇","定量指标","撰写发表论文数量"]
["水资源和水土保持管理经费","2025年预算年度目标：全面推进云南水文化研究、水利遗产保护、水文化传承和弘扬等工作,提高用水效率，推进节水型社会建设，提高水资源保障能力。具体工作目标如下：\n1.开展2025年度农田灌溉水有效利用系数测算分析工作，完成“云南省2024年度农田灌溉水有效利用系数测算分析成果报告”；\n2.完成元阳哈尼梯田灌溉体系科学内涵研究报告；\n3.开展灌溉试验中心站灌溉定额和灌溉制度定量观测，观测作物不少于10种，开展灌溉试验数据的整编，为农业水价综合改革提供技术支持；\n4.举办科普讲解比赛1次，吸纳至少20人参加讲解比赛；\n5.完成28个县级行政区的河湖“四乱”问题排查整治督导检查、河湖遥感图斑现场排查确认工作；\n6.完成全省3个大中型灌区标准化管理及节水型灌区创建评估验收，编写评估验收意见；完成全省10个及以上千吨万人供水工程标准化管理评价现场复核及全省2个及以上县域农村饮水安全标准化建设技术审核及初验工作；\n7.2025县域节水型社会建设技术指导工作完成数达到8个以上；\n8.开展技术指导5次以上，完成2个及以上县（市、区）或灌区农业水价综合改革现场检查；\n9.开展2025年度生态清洁小流域建设推进情况督导和对经各州（市）认定为完成生态清洁小流域建设任务的项目进行抽查复核；\n10.完成水土保持重点工程监督检查20项，完成生产建设项目水土保持设施验收报备项目核查15项。","产出指标","质量指标","监理成果满足项目建设管理要求","=",1,"项","定量指标","反映完成项目监理服务质量情况。"]
["水资源和水土保持管理经费","2025年预算年度目标：全面推进云南水文化研究、水利遗产保护、水文化传承和弘扬等工作,提高用水效率，推进节水型社会建设，提高水资源保障能力。具体工作目标如下：\n1.开展2025年度农田灌溉水有效利用系数测算分析工作，完成“云南省2024年度农田灌溉水有效利用系数测算分析成果报告”；\n2.完成元阳哈尼梯田灌溉体系科学内涵研究报告；\n3.开展灌溉试验中心站灌溉定额和灌溉制度定量观测，观测作物不少于10种，开展灌溉试验数据的整编，为农业水价综合改革提供技术支持；\n4.举办科普讲解比赛1次，吸纳至少20人参加讲解比赛；\n5.完成28个县级行政区的河湖“四乱”问题排查整治督导检查、河湖遥感图斑现场排查确认工作；\n6.完成全省3个大中型灌区标准化管理及节水型灌区创建评估验收，编写评估验收意见；完成全省10个及以上千吨万人供水工程标准化管理评价现场复核及全省2个及以上县域农村饮水安全标准化建设技术审核及初验工作；\n7.2025县域节水型社会建设技术指导工作完成数达到8个以上；\n8.开展技术指导5次以上，完成2个及以上县（市、区）或灌区农业水价综合改革现场检查；\n9.开展2025年度生态清洁小流域建设推进情况督导和对经各州（市）认定为完成生态清洁小流域建设任务的项目进行抽查复核；\n10.完成水土保持重点工程监督检查20项，完成生产建设项目水土保持设施验收报备项目核查15项。","产出指标","质量指标","审计成果满足项目建设管理要求","=",1,"项","定量指标","反映完成审计服务质量情况。"]
["水资源和水土保持管理经费","2025年预算年度目标：全面推进云南水文化研究、水利遗产保护、水文化传承和弘扬等工作,提高用水效率，推进节水型社会建设，提高水资源保障能力。具体工作目标如下：\n1.开展2025年度农田灌溉水有效利用系数测算分析工作，完成“云南省2024年度农田灌溉水有效利用系数测算分析成果报告”；\n2.完成元阳哈尼梯田灌溉体系科学内涵研究报告；\n3.开展灌溉试验中心站灌溉定额和灌溉制度定量观测，观测作物不少于10种，开展灌溉试验数据的整编，为农业水价综合改革提供技术支持；\n4.举办科普讲解比赛1次，吸纳至少20人参加讲解比赛；\n5.完成28个县级行政区的河湖“四乱”问题排查整治督导检查、河湖遥感图斑现场排查确认工作；\n6.完成全省3个大中型灌区标准化管理及节水型灌区创建评估验收，编写评估验收意见；完成全省10个及以上千吨万人供水工程标准化管理评价现场复核及全省2个及以上县域农村饮水安全标准化建设技术审核及初验工作；\n7.2025县域节水型社会建设技术指导工作完成数达到8个以上；\n8.开展技术指导5次以上，完成2个及以上县（市、区）或灌区农业水价综合改革现场检查；\n9.开展2025年度生态清洁小流域建设推进情况督导和对经各州（市）认定为完成生态清洁小流域建设任务的项目进行抽查复核；\n10.完成水土保持重点工程监督检查20项，完成生产建设项目水土保持设施验收报备项目核查15项。","产出指标","时效指标","中期评估相关材料报省委政研室时限","<=","80","天","定量指标","反映中期评估相关材料报送时限"]
["水资源和水土保持管理经费","2025年预算年度目标：全面推进云南水文化研究、水利遗产保护、水文化传承和弘扬等工作,提高用水效率，推进节水型社会建设，提高水资源保障能力。具体工作目标如下：\n1.开展2025年度农田灌溉水有效利用系数测算分析工作，完成“云南省2024年度农田灌溉水有效利用系数测算分析成果报告”；\n2.完成元阳哈尼梯田灌溉体系科学内涵研究报告；\n3.开展灌溉试验中心站灌溉定额和灌溉制度定量观测，观测作物不少于10种，开展灌溉试验数据的整编，为农业水价综合改革提供技术支持；\n4.举办科普讲解比赛1次，吸纳至少20人参加讲解比赛；\n5.完成28个县级行政区的河湖“四乱”问题排查整治督导检查、河湖遥感图斑现场排查确认工作；\n6.完成全省3个大中型灌区标准化管理及节水型灌区创建评估验收，编写评估验收意见；完成全省10个及以上千吨万人供水工程标准化管理评价现场复核及全省2个及以上县域农村饮水安全标准化建设技术审核及初验工作；\n7.2025县域节水型社会建设技术指导工作完成数达到8个以上；\n8.开展技术指导5次以上，完成2个及以上县（市、区）或灌区农业水价综合改革现场检查；\n9.开展2025年度生态清洁小流域建设推进情况督导和对经各州（市）认定为完成生态清洁小流域建设任务的项目进行抽查复核；\n10.完成水土保持重点工程监督检查20项，完成生产建设项目水土保持设施验收报备项目核查15项。","产出指标","时效指标","结题材料报省委政研室时限","<=","43","天","定量指标","反映结题材料报省委政研室时限"]
["水资源和水土保持管理经费","2025年预算年度目标：全面推进云南水文化研究、水利遗产保护、水文化传承和弘扬等工作,提高用水效率，推进节水型社会建设，提高水资源保障能力。具体工作目标如下：\n1.开展2025年度农田灌溉水有效利用系数测算分析工作，完成“云南省2024年度农田灌溉水有效利用系数测算分析成果报告”；\n2.完成元阳哈尼梯田灌溉体系科学内涵研究报告；\n3.开展灌溉试验中心站灌溉定额和灌溉制度定量观测，观测作物不少于10种，开展灌溉试验数据的整编，为农业水价综合改革提供技术支持；\n4.举办科普讲解比赛1次，吸纳至少20人参加讲解比赛；\n5.完成28个县级行政区的河湖“四乱”问题排查整治督导检查、河湖遥感图斑现场排查确认工作；\n6.完成全省3个大中型灌区标准化管理及节水型灌区创建评估验收，编写评估验收意见；完成全省10个及以上千吨万人供水工程标准化管理评价现场复核及全省2个及以上县域农村饮水安全标准化建设技术审核及初验工作；\n7.2025县域节水型社会建设技术指导工作完成数达到8个以上；\n8.开展技术指导5次以上，完成2个及以上县（市、区）或灌区农业水价综合改革现场检查；\n9.开展2025年度生态清洁小流域建设推进情况督导和对经各州（市）认定为完成生态清洁小流域建设任务的项目进行抽查复核；\n10.完成水土保持重点工程监督检查20项，完成生产建设项目水土保持设施验收报备项目核查15项。","效益指标","社会效益","千吨万人供水工程标准化管理评价达标率",">=","60","%","定量指标","申报的千吨万人供水工程中通过省级评价的工程比例"]
["水资源和水土保持管理经费","2025年预算年度目标：全面推进云南水文化研究、水利遗产保护、水文化传承和弘扬等工作,提高用水效率，推进节水型社会建设，提高水资源保障能力。具体工作目标如下：\n1.开展2025年度农田灌溉水有效利用系数测算分析工作，完成“云南省2024年度农田灌溉水有效利用系数测算分析成果报告”；\n2.完成元阳哈尼梯田灌溉体系科学内涵研究报告；\n3.开展灌溉试验中心站灌溉定额和灌溉制度定量观测，观测作物不少于10种，开展灌溉试验数据的整编，为农业水价综合改革提供技术支持；\n4.举办科普讲解比赛1次，吸纳至少20人参加讲解比赛；\n5.完成28个县级行政区的河湖“四乱”问题排查整治督导检查、河湖遥感图斑现场排查确认工作；\n6.完成全省3个大中型灌区标准化管理及节水型灌区创建评估验收，编写评估验收意见；完成全省10个及以上千吨万人供水工程标准化管理评价现场复核及全省2个及以上县域农村饮水安全标准化建设技术审核及初验工作；\n7.2025县域节水型社会建设技术指导工作完成数达到8个以上；\n8.开展技术指导5次以上，完成2个及以上县（市、区）或灌区农业水价综合改革现场检查；\n9.开展2025年度生态清洁小流域建设推进情况督导和对经各州（市）认定为完成生态清洁小流域建设任务的项目进行抽查复核；\n10.完成水土保持重点工程监督检查20项，完成生产建设项目水土保持设施验收报备项目核查15项。","效益指标","社会效益","灌区标准化管理及节水型灌区创建达标率",">=","60","%","定量指标","申报灌区中通过省级评估验收的灌区比例"]
["水资源和水土保持管理经费","2025年预算年度目标：全面推进云南水文化研究、水利遗产保护、水文化传承和弘扬等工作,提高用水效率，推进节水型社会建设，提高水资源保障能力。具体工作目标如下：\n1.开展2025年度农田灌溉水有效利用系数测算分析工作，完成“云南省2024年度农田灌溉水有效利用系数测算分析成果报告”；\n2.完成元阳哈尼梯田灌溉体系科学内涵研究报告；\n3.开展灌溉试验中心站灌溉定额和灌溉制度定量观测，观测作物不少于10种，开展灌溉试验数据的整编，为农业水价综合改革提供技术支持；\n4.举办科普讲解比赛1次，吸纳至少20人参加讲解比赛；\n5.完成28个县级行政区的河湖“四乱”问题排查整治督导检查、河湖遥感图斑现场排查确认工作；\n6.完成全省3个大中型灌区标准化管理及节水型灌区创建评估验收，编写评估验收意见；完成全省10个及以上千吨万人供水工程标准化管理评价现场复核及全省2个及以上县域农村饮水安全标准化建设技术审核及初验工作；\n7.2025县域节水型社会建设技术指导工作完成数达到8个以上；\n8.开展技术指导5次以上，完成2个及以上县（市、区）或灌区农业水价综合改革现场检查；\n9.开展2025年度生态清洁小流域建设推进情况督导和对经各州（市）认定为完成生态清洁小流域建设任务的项目进行抽查复核；\n10.完成水土保持重点工程监督检查20项，完成生产建设项目水土保持设施验收报备项目核查15项。","效益指标","社会效益","引进推介技术（产品）数量",">=","2","项","定量指标","反映引进推介技术（产品）数量完成情况。"]
["水资源和水土保持管理经费","2025年预算年度目标：全面推进云南水文化研究、水利遗产保护、水文化传承和弘扬等工作,提高用水效率，推进节水型社会建设，提高水资源保障能力。具体工作目标如下：\n1.开展2025年度农田灌溉水有效利用系数测算分析工作，完成“云南省2024年度农田灌溉水有效利用系数测算分析成果报告”；\n2.完成元阳哈尼梯田灌溉体系科学内涵研究报告；\n3.开展灌溉试验中心站灌溉定额和灌溉制度定量观测，观测作物不少于10种，开展灌溉试验数据的整编，为农业水价综合改革提供技术支持；\n4.举办科普讲解比赛1次，吸纳至少20人参加讲解比赛；\n5.完成28个县级行政区的河湖“四乱”问题排查整治督导检查、河湖遥感图斑现场排查确认工作；\n6.完成全省3个大中型灌区标准化管理及节水型灌区创建评估验收，编写评估验收意见；完成全省10个及以上千吨万人供水工程标准化管理评价现场复核及全省2个及以上县域农村饮水安全标准化建设技术审核及初验工作；\n7.2025县域节水型社会建设技术指导工作完成数达到8个以上；\n8.开展技术指导5次以上，完成2个及以上县（市、区）或灌区农业水价综合改革现场检查；\n9.开展2025年度生态清洁小流域建设推进情况督导和对经各州（市）认定为完成生态清洁小流域建设任务的项目进行抽查复核；\n10.完成水土保持重点工程监督检查20项，完成生产建设项目水土保持设施验收报备项目核查15项。","效益指标","社会效益","成果转化运用数量",">=",1,"篇","定量指标","反映成果转化运用数量"]
["水资源和水土保持管理经费","2025年预算年度目标：全面推进云南水文化研究、水利遗产保护、水文化传承和弘扬等工作,提高用水效率，推进节水型社会建设，提高水资源保障能力。具体工作目标如下：\n1.开展2025年度农田灌溉水有效利用系数测算分析工作，完成“云南省2024年度农田灌溉水有效利用系数测算分析成果报告”；\n2.完成元阳哈尼梯田灌溉体系科学内涵研究报告；\n3.开展灌溉试验中心站灌溉定额和灌溉制度定量观测，观测作物不少于10种，开展灌溉试验数据的整编，为农业水价综合改革提供技术支持；\n4.举办科普讲解比赛1次，吸纳至少20人参加讲解比赛；\n5.完成28个县级行政区的河湖“四乱”问题排查整治督导检查、河湖遥感图斑现场排查确认工作；\n6.完成全省3个大中型灌区标准化管理及节水型灌区创建评估验收，编写评估验收意见；完成全省10个及以上千吨万人供水工程标准化管理评价现场复核及全省2个及以上县域农村饮水安全标准化建设技术审核及初验工作；\n7.2025县域节水型社会建设技术指导工作完成数达到8个以上；\n8.开展技术指导5次以上，完成2个及以上县（市、区）或灌区农业水价综合改革现场检查；\n9.开展2025年度生态清洁小流域建设推进情况督导和对经各州（市）认定为完成生态清洁小流域建设任务的项目进行抽查复核；\n10.完成水土保持重点工程监督检查20项，完成生产建设项目水土保持设施验收报备项目核查15项。","效益指标","社会效益","撰写发表论文等级",">=","80","分","定量指标","反映撰写发表论文的等级。"]
["水资源和水土保持管理经费","2025年预算年度目标：全面推进云南水文化研究、水利遗产保护、水文化传承和弘扬等工作,提高用水效率，推进节水型社会建设，提高水资源保障能力。具体工作目标如下：\n1.开展2025年度农田灌溉水有效利用系数测算分析工作，完成“云南省2024年度农田灌溉水有效利用系数测算分析成果报告”；\n2.完成元阳哈尼梯田灌溉体系科学内涵研究报告；\n3.开展灌溉试验中心站灌溉定额和灌溉制度定量观测，观测作物不少于10种，开展灌溉试验数据的整编，为农业水价综合改革提供技术支持；\n4.举办科普讲解比赛1次，吸纳至少20人参加讲解比赛；\n5.完成28个县级行政区的河湖“四乱”问题排查整治督导检查、河湖遥感图斑现场排查确认工作；\n6.完成全省3个大中型灌区标准化管理及节水型灌区创建评估验收，编写评估验收意见；完成全省10个及以上千吨万人供水工程标准化管理评价现场复核及全省2个及以上县域农村饮水安全标准化建设技术审核及初验工作；\n7.2025县域节水型社会建设技术指导工作完成数达到8个以上；\n8.开展技术指导5次以上，完成2个及以上县（市、区）或灌区农业水价综合改革现场检查；\n9.开展2025年度生态清洁小流域建设推进情况督导和对经各州（市）认定为完成生态清洁小流域建设任务的项目进行抽查复核；\n10.完成水土保持重点工程监督检查20项，完成生产建设项目水土保持设施验收报备项目核查15项。","满意度指标","服务对象满意度","培训人员满意度",">=","90","%","定量指标","反映培训人员满意程度。\n满意度=有效满意度问卷数/发放有效问卷数*100%。"]
["水资源和水土保持管理经费","2025年预算年度目标：全面推进云南水文化研究、水利遗产保护、水文化传承和弘扬等工作,提高用水效率，推进节水型社会建设，提高水资源保障能力。具体工作目标如下：\n1.开展2025年度农田灌溉水有效利用系数测算分析工作，完成“云南省2024年度农田灌溉水有效利用系数测算分析成果报告”；\n2.完成元阳哈尼梯田灌溉体系科学内涵研究报告；\n3.开展灌溉试验中心站灌溉定额和灌溉制度定量观测，观测作物不少于10种，开展灌溉试验数据的整编，为农业水价综合改革提供技术支持；\n4.举办科普讲解比赛1次，吸纳至少20人参加讲解比赛；\n5.完成28个县级行政区的河湖“四乱”问题排查整治督导检查、河湖遥感图斑现场排查确认工作；\n6.完成全省3个大中型灌区标准化管理及节水型灌区创建评估验收，编写评估验收意见；完成全省10个及以上千吨万人供水工程标准化管理评价现场复核及全省2个及以上县域农村饮水安全标准化建设技术审核及初验工作；\n7.2025县域节水型社会建设技术指导工作完成数达到8个以上；\n8.开展技术指导5次以上，完成2个及以上县（市、区）或灌区农业水价综合改革现场检查；\n9.开展2025年度生态清洁小流域建设推进情况督导和对经各州（市）认定为完成生态清洁小流域建设任务的项目进行抽查复核；\n10.完成水土保持重点工程监督检查20项，完成生产建设项目水土保持设施验收报备项目核查15项。","满意度指标","服务对象满意度","研究进程考核人员满意度",">=","90","%","定量指标","反映论文研究进程考核人员的满意程度。"]
["水利科研技术管理经费","做好本部门人员、公用经费保障，按规定落实干部职工各项待遇，支持部门正常履职。2025年主要工作目标：1.保障单位日常开支经费；2.保障单位办公场所正常运转。","产出指标","数量指标","公用经费保障人数",">=","88","人","定量指标","反映非税收入返还弥补单位经费不足的完成情况。"]
["水利科研技术管理经费","做好本部门人员、公用经费保障，按规定落实干部职工各项待遇，支持部门正常履职。2025年主要工作目标：1.保障单位日常开支经费；2.保障单位办公场所正常运转。","效益指标","社会效益","单位工作正常运转","=","是",null,"定性指标","反映非税收入返还弥补单位经费不足后，部门（单位）正常运转情况。"]
["水利科研技术管理经费","做好本部门人员、公用经费保障，按规定落实干部职工各项待遇，支持部门正常履职。2025年主要工作目标：1.保障单位日常开支经费；2.保障单位办公场所正常运转。","满意度指标","服务对象满意度","单位人员满意度",">=","90","%","定量指标","反映部门（单位）人员对公用经费保障的满意程度。"]

{"sheet":"部门政府性基金预算支出预算表06","index":9,"n_rows":9,"n_cols":6,"rows_kept":9,"merged":[[1,0,1,5],[3,0,4,0],[3,1,4,1],[3,2,4,2],[3,3,3,5],[7,0,7,2]]}
[{"$nulls":5},"预算06表"]
["2025年部门政府性基金预算支出预算表"]
[{"$f":"\"单位名称：\"&\"云南省水利水电科学研究院\"","v":"单位名称：云南省水利水电科学研究院"},{"$nulls":4},"单位：元"]
["单位名称","科目编码","科目名称","政府性基金预算支出"]
[{"$nulls":3},"合计","基本支出","项目支出"]
[1,2,3,4,5,6]
[]
["合  计",null,"合  计"]
["备注：云南省水利水电科学研究院不涉及政府性基金预算支出，本表为空。"]

{"sheet":"部门政府采购预算表07","index":10,"n_rows":28,"n_cols":17,"rows_kept":28,"merged":[[1,0,1,16],[2,0,2,5],[3,0,5,0],[3,1,5,1],[3,2,5,2],[3,3,5,3],[3,4,5,4],[3,5,5,5],[3,6,3,16],[4,6,5,6],[4,7,5,7],[4,8,5,8],[4,9,5,9],[4,10,5,10],[4,11,4,16],[27,0,27,4]]}
[{"$nulls":16},"预算07表"]
["2025年部门政府采购预算表"]
[{"$f":"\"单位名称：\"&\"云南省水利水电科学研究院\"","v":"单位名称：云南省水利水电科学研究院"},{"$nulls":15},"单位：元"]
["预算项目","采购项目","采购目录","计量\n单位","数量","面向中小企业预留资金","资金来源"]
[{"$nulls":6},"合计","一般公共预算","政府性\n基金","国有资本经营收益","财政专户管理的收入","单位自筹"]
[{"$nulls":7},"小计",{"$nulls":3},"小计","事业收入","事业单位\n经营收入","上级补助收入","附属单位上缴收入","其他收入"]
[1,2,3,4,5,6,7,8,9,10,11,12,13,14,15,16,17]
["云南省水利水电科学研究院",{"$nulls":4},{"v":417450,"d":"417,450.00"},{"v":417450,"d":"417,450.00"},{"v":402710,"d":"402,710.00"},{"$nulls":3},{"v":14740,"d":"14,740.00"},{"$nulls":4},{"v":14740,"d":"14,740.00"}]
["水资源和水土保持管理经费","印刷费","C23090100 印刷服务","项",1,{"v":13340,"d":"13,340.00"},{"v":13340,"d":"13,340.00"},{"$nulls":4},{"v":13340,"d":"13,340.00"},{"$nulls":4},{"v":13340,"d":"13,340.00"}]
["水资源和水土保持管理经费","印刷费","C23090100 印刷服务","项",1,{"v":19485,"d":"19,485.00"},{"v":19485,"d":"19,485.00"},{"v":19485,"d":"19,485.00"}]
["水资源和水土保持管理经费","印刷费","C23090100 印刷服务","项",1,{"v":16070,"d":"16,070.00"},{"v":16070,"d":"16,070.00"},{"v":16070,"d":"16,070.00"}]
["水资源和水土保持管理经费","印刷费","C23090100 印刷服务","项",1,{"v":19485,"d":"19,485.00"},{"v":19485,"d":"19,485.00"},{"v":19485,"d":"19,485.00"}]
["水资源和水土保持管理经费","印刷费","C23090100 印刷服务","项",1,{"v":1400,"d":"1,400.00"},{"v":1400,"d":"1,400.00"},{"$nulls":4},{"v":1400,"d":"1,400.00"},{"$nulls":4},{"v":1400,"d":"1,400.00"}]
["水资源和水土保持管理经费","印刷费","C23090100 印刷服务","项",1,{"v":14920,"d":"14,920.00"},{"v":14920,"d":"14,920.00"},{"v":14920,"d":"14,920.00"}]
["公车购置及运维费","车辆燃油费","C23120302 车辆加油、添加燃料服务","项",1,{"v":60900,"d":"60,900.00"},{"v":60900,"d":"60,900.00"},{"v":60900,"d":"60,900.00"}]
["公车购置及运维费","车辆维修保养","C23120301 车辆维修和保养服务","项",1,{"v":35000,"d":"35,000.00"},{"v":35000,"d":"35,000.00"},{"v":35000,"d":"35,000.00"}]
["公车购置及运维费","车辆保险","C1804010201 机动车保险服务","项",1,{"v":3500,"d":"3,500.00"},{"v":3500,"d":"3,500.00"},{"v":3500,"d":"3,500.00"}]
["一般公用经费","国产笔记本电脑","A02010108 便携式计算机","台",11,{"v":75900,"d":"75,900.00"},{"v":75900,"d":"75,900.00"},{"v":75900,"d":"75,900.00"}]
["一般公用经费","复印纸","A05040101 复印纸","项",1,{"v":8000,"d":"8,000.00"},{"v":8000,"d":"8,000.00"},{"v":8000,"d":"8,000.00"}]
["一般公用经费","国产计算机配套版式软件","A08060301 基础软件","套",11,{"v":6050,"d":"6,050.00"},{"v":6050,"d":"6,050.00"},{"v":6050,"d":"6,050.00"}]
["一般公用经费","国产计算机配套办公软件","A08060301 基础软件","套",11,{"v":9900,"d":"9,900.00"},{"v":9900,"d":"9,900.00"},{"v":9900,"d":"9,900.00"}]
["一般公用经费","国产计算机配套操作系统","A08060301 基础软件","套",11,{"v":6050,"d":"6,050.00"},{"v":6050,"d":"6,050.00"},{"v":6050,"d":"6,050.00"}]
["一般公用经费","国产计算机配套杀毒软件","A08060301 基础软件","套",11,{"v":6050,"d":"6,050.00"},{"v":6050,"d":"6,050.00"},{"v":6050,"d":"6,050.00"}]
["水利科研技术管理经费","彩色复印机","A02020100 复印机","台",1,{"v":39800,"d":"39,800.00"},{"v":39800,"d":"39,800.00"},{"v":39800,"d":"39,800.00"}]
["水利科研技术管理经费","黑白复印机","A02020100 复印机","台",1,{"v":19600,"d":"19,600.00"},{"v":19600,"d":"19,600.00"},{"v":19600,"d":"19,600.00"}]
["水利科研技术管理经费","物业管理费","C21040001 物业管理服务","项",1,{"v":50000,"d":"50,000.00"},{"v":50000,"d":"50,000.00"},{"v":50000,"d":"50,000.00"}]
["水利科研技术管理经费","印刷服务","C23090100 印刷服务","项",1,{"v":12000,"d":"12,000.00"},{"v":12000,"d":"12,000.00"},{"v":12000,"d":"12,000.00"}]
["合  计",{"$nulls":4},{"v":417450,"d":"417,450.00"},{"v":417450,"d":"417,450.00"},{"v":402710,"d":"402,710.00"},{"$nulls":3},{"v":14740,"d":"14,740.00"},{"$nulls":4},{"v":14740,"d":"14,740.00"}]

{"sheet":"部门政府购买服务预算表08","index":11,"n_rows":11,"n_cols":14,"rows_kept":11,"merged":[[1,0,1,13],[2,0,2,2],[3,0,5,0],[3,1,5,1],[3,2,5,2],[3,3,3,13],[4,3,5,3],[4,4,5,4],[4,5,5,5],[4,6,5,6],[4,7,5,7],[4,8,4,13],[9,0,9,2]]}
[{"$nulls":13},"预算08表"]
["2025年部门政府购买服务预算表"]
[{"$f":"\"单位名称：\"&\"云南省水利水电科学研究院\"","v":"单位名称：云南省水利水电科学研究院"},{"$nulls":12},"单位：元"]
["预算项目","政府购买服务项目","政府购买服务目录","资金来源"]
[{"$nulls":3},"合计","一般公共预算","政府性\n基金","国有资本经营收益","财政专户管理的收入","单位自筹"]
[{"$nulls":8},"小计","事业收入","事业单位\n经营收入","上级补助收入","附属单位上缴收入","其他收入"]
[1,2,3,4,5,6,7,8,9,10,11,12,13,14]
[]
[]
["合  计"]
["备注：云南省水利水电科学研究院不涉及政府购买服务预算，本表为空。"]

{"sheet":"省对下转移支付预算表09-1","index":12,"n_rows":9,"n_cols":23,"rows_kept":9,"merged":[[1,0,1,22],[2,0,2,8],[3,0,4,0],[3,1,3,3],[3,4,3,22]]}
[{"$nulls":22},"预算09-1表"]
["2025年省对下转移支付预算表"]
[{"$f":"\"单位名称：\"&\"云南省水利水电科学研究院\"","v":"单位名称：云南省水利水电科学研究院"},{"$nulls":21},"单位：元"]
["单位名称（项目）","资金来源",null,null,"地区"]
[null,"合计","一般公共预算","政府性基金","昆明","昭通","曲靖","玉溪","红河","文山","普洱","西双版纳","楚雄","大理","保山","德宏","丽江","怒江","迪庆","临沧","宣威","腾冲","镇雄"]
[1,2,3,4,5,6,7,8,9,10,11,12,13,14,15,16,17,18,19,20,21,22,23]
[]
[]
["备注：云南省水利水电科学研究院不涉及对下转移支付预算，本表为空。"]

{"sheet":"省对下转移支付绩效目标表09-2","index":13,"n_rows":8,"n_cols":10,"rows_kept":8,"merged":[[1,0,1,9],[2,0,2,7]]}
[{"$nulls":9},"预算09-2表"]
["2025年省对下转移支付绩效目标表"]
[{"$f":"\"单位名称：\"&\"云南省水利水电科学研究院\"","v":"单位名称：云南省水利水电科学研究院"}]
["单位名称、项目名称","项目年度绩效目标","一级指标","二级指标","三级指标","指标性质","指标值","度量单位","指标属性","指标内容"]
[1,2,3,4,5,6,7,8,9,10]
[]
[]
["备注：云南省水利水电科学研究院不涉及对下转移支付预算，本表为空。"]

{"sheet":"新增资产配置表10","index":14,"n_rows":38,"n_cols":8,"rows_kept":38,"merged":[[1,0,1,7],[3,0,4,0],[3,1,4,1],[3,2,4,2],[3,3,4,3],[3,4,4,4],[3,5,3,7],[37,0,37,4]]}
[{"$nulls":7},"预算10表"]
["2025年新增资产配置表"]
[{"$f":"\"单位名称：\"&\"云南省水利水电科学研究院\"","v":"单位名称：云南省水利水电科学研究院"}]
["单位名称","资产类别","资产分类代码.名称","资产名称","计量单位","财政部门批复数（元）"]
[{"$nulls":5},"数量","单价","金额"]
["1","2","3","4","5","6","7","8"]
["云南省水利水电科学研究院","设备","A02010199 其他计算机","便携式计算机（国产）","台",11,{"v":6900,"d":"6,900.00"},{"v":75900,"d":"75,900.00"}]
["云南省水利水电科学研究院","设备","A02010199 其他计算机","台式计算机（国产）","台",11,{"v":6000,"d":"6,000.00"},{"v":66000,"d":"66,000.00"}]
["云南省水利水电科学研究院","设备","A02010202 交换设备","网络交换机","台",2,{"v":2800,"d":"2,800.00"},{"v":5600,"d":"5,600.00"}]
["云南省水利水电科学研究院","设备","A02010301 防火墙","上网行为管理防火墙(千兆)","套",5,{"v":20000,"d":"20,000.00"},{"v":100000,"d":"100,000.00"}]
["云南省水利水电科学研究院","设备","A02010601 机柜","机柜","个",1,{"v":3000,"d":"3,000.00"},{"v":3000,"d":"3,000.00"}]
["云南省水利水电科学研究院","设备","A02010700 信息化设备零部件","蓄电池","块",32,{"v":1200,"d":"1,200.00"},{"v":38400,"d":"38,400.00"}]
["云南省水利水电科学研究院","设备","A02019900 其他信息化设备","单模千兆模块","个",4,{"v":800,"d":"800.00"},{"v":3200,"d":"3,200.00"}]
["云南省水利水电科学研究院","设备","A02020100 复印机","普通彩色复印机（国产）","台",1,{"v":39800,"d":"39,800.00"},{"v":39800,"d":"39,800.00"}]
["云南省水利水电科学研究院","设备","A02020100 复印机","普通复印机（国产黑白）","台",1,{"v":19600,"d":"19,600.00"},{"v":19600,"d":"19,600.00"}]
["云南省水利水电科学研究院","设备","A02021003 A4黑白打印机","打印机（黑白国产A4）","台",11,{"v":1500,"d":"1,500.00"},{"v":16500,"d":"16,500.00"}]
["云南省水利水电科学研究院","设备","A02021005 3D打印机","3D打印机","台",1,{"v":10000,"d":"10,000.00"},{"v":10000,"d":"10,000.00"}]
["云南省水利水电科学研究院","设备","A02021099 其他打印机","打印机（黑白A3）","台",2,{"v":6000,"d":"6,000.00"},{"v":12000,"d":"12,000.00"}]
["云南省水利水电科学研究院","设备","A02021118 扫描仪","扫描仪","台",2,{"v":4000,"d":"4,000.00"},{"v":8000,"d":"8,000.00"}]
["云南省水利水电科学研究院","设备","A02030502 越野车","公务用车","辆",1,{"v":250000,"d":"250,000.00"},{"v":250000,"d":"250,000.00"}]
["云南省水利水电科学研究院","设备","A02080803 视频会议会议室终端","视频会议终端","套",3,{"v":8000,"d":"8,000.00"},{"v":24000,"d":"24,000.00"}]
["云南省水利水电科学研究院","设备","A02091199 其他视频设备","视频会议摄像机","套",1,{"v":6000,"d":"6,000.00"},{"v":6000,"d":"6,000.00"}]
["云南省水利水电科学研究院","设备","A02100608 土工测试仪器","土工测试仪器","套",3,{"v":35000,"d":"35,000.00"},{"v":105000,"d":"105,000.00"}]
["云南省水利水电科学研究院","设备","A02101000 农林牧渔仪器","土壤墒情监测仪（旱作物）","套",10,{"v":26000,"d":"26,000.00"},{"v":260000,"d":"260,000.00"}]
["云南省水利水电科学研究院","设备","A02101700 气象仪器","小型气象站","套",4,{"v":38000,"d":"38,000.00"},{"v":152000,"d":"152,000.00"}]
["云南省水利水电科学研究院","设备","A02101800 水文仪器设备","多通道自动水位站","台",2,{"v":60000,"d":"60,000.00"},{"v":120000,"d":"120,000.00"}]
["云南省水利水电科学研究院","设备","A02101800 水文仪器设备","多通道自动雨量站","台",4,{"v":18750,"d":"18,750.00"},{"v":75000,"d":"75,000.00"}]
["云南省水利水电科学研究院","设备","A02109900 其他仪器仪表","液位计（水稻）","套",6,{"v":9000,"d":"9,000.00"},{"v":54000,"d":"54,000.00"}]
["云南省水利水电科学研究院","设备","A02120203 湿度计量标准器具","云智能土壤水分监测仪","台",2,{"v":35000,"d":"35,000.00"},{"v":70000,"d":"70,000.00"}]
["云南省水利水电科学研究院","设备","A02221500 草料加工设备","铡草机","套",1,{"v":3000,"d":"3,000.00"},{"v":3000,"d":"3,000.00"}]
["云南省水利水电科学研究院","无形资产","A08060301 基础软件","国产便携式计算机配套软件3年授权（版式软件）","套",11,{"v":550,"d":"550.00"},{"v":6050,"d":"6,050.00"}]
["云南省水利水电科学研究院","无形资产","A08060301 基础软件","国产便携式计算机配套软件3年授权（办公软件）","套",11,{"v":900,"d":"900.00"},{"v":9900,"d":"9,900.00"}]
["云南省水利水电科学研究院","无形资产","A08060301 基础软件","国产便携式计算机配套软件3年授权（操作系统）","套",11,{"v":550,"d":"550.00"},{"v":6050,"d":"6,050.00"}]
["云南省水利水电科学研究院","无形资产","A08060301 基础软件","国产便携式计算机配套软件3年授权（杀毒软件）","套",11,{"v":550,"d":"550.00"},{"v":6050,"d":"6,050.00"}]
["云南省水利水电科学研究院","无形资产","A08060301 基础软件","国产计算机配套软件3年授权（版式软件）","套",11,{"v":820,"d":"820.00"},{"v":9020,"d":"9,020.00"}]
["云南省水利水电科学研究院","无形资产","A08060301 基础软件","国产计算机配套软件3年授权（办公软件）","套",11,{"v":860,"d":"860.00"},{"v":9460,"d":"9,460.00"}]
["云南省水利水电科学研究院","无形资产","A08060301 基础软件","国产计算机配套软件3年授权（操作系统）","套",11,{"v":900,"d":"900.00"},{"v":9900,"d":"9,900.00"}]
["合计",{"$nulls":4},198,null,{"v":1573430,"d":"1,573,430.00"}]

{"sheet":"中央转移支付补助项目支出预算表11","index":15,"n_rows":12,"n_cols":11,"rows_kept":12,"merged":[[1,0,1,10],[2,0,2,6],[3,0,5,0],[3,1,5,1],[3,2,5,2],[3,3,5,3],[3,4,5,4],[3,5,5,5],[3,6,5,6],[3,7,5,7],[3,8,3,10],[4,8,5,8],[4,9,5,9],[4,10,5,10],[11,0,11,6]]}
[{"$nulls":10},"预算11表"]
["2025年中央转移支付补助项目支出预算表"]
[{"$f":"\"单位名称：\"&\"云南省水利水电科学研究院\"","v":"单位名称：云南省水利水电科学研究院"},{"$nulls":9},"单位：元"]
["项目分类","项目名称","项目单位","功能科目编码","功能科目名称","经济科目编码","经济科目名称","合计","上级补助"]
[{"$nulls":8},"一般公共预算","政府性基金预算","国有资本经营预算"]
[{"$nulls":8},"小计"]
[1,2,3,4,5,6,7,8,9,10,11]
[null,"2025年水利发展资金提前下达资金",{"$nulls":5},{"v":22080000,"d":"22,080,000.00"},{"v":22080000,"d":"22,080,000.00"}]
["专项业务类","2025年水利发展资金提前下达资金","云南省水利水电科学研究院","2130314","防汛","30207","邮电费",{"v":69000,"d":"69,000.00"},{"v":69000,"d":"69,000.00"}]
["专项业务类","2025年水利发展资金提前下达资金","云南省水利水电科学研究院","2130314","防汛","30213","维修（护）费",{"v":31000,"d":"31,000.00"},{"v":31000,"d":"31,000.00"}]
["专项业务类","2025年水利发展资金提前下达资金","云南省水利水电科学研究院","2130314","防汛","30227","委托业务费",{"v":21980000,"d":"21,980,000.00"},{"v":21980000,"d":"21,980,000.00"}]
["合  计",{"$nulls":6},{"v":22080000,"d":"22,080,000.00"},{"v":22080000,"d":"22,080,000.00"}]

{"sheet":"部门项目中期规划预算表12","index":16,"n_rows":11,"n_cols":7,"rows_kept":11,"merged":[[1,0,1,6],[2,0,2,3],[3,0,5,0],[3,1,5,1],[3,2,5,2],[3,3,5,3],[3,4,3,6],[4,4,5,4],[4,5,5,5],[4,6,5,6],[10,0,10,3]]}
[{"$nulls":6},"预算12表"]
["2025年部门项目支出中期规划预算表"]
[{"$f":"\"单位名称：\"&\"云南省水利水电科学研究院\"","v":"单位名称：云南省水利水电科学研究院"},{"$nulls":5},"单位：元"]
["项目单位","项目分类","项目名称","项目级次","一般公共预算"]
[{"$nulls":4},"2025年","2026年","2027年"]
[{"$nulls":5},"小计"]
[1,2,3,4,5,6,7]
["云南省水利水电科学研究院",{"$nulls":3},{"v":4193200,"d":"4,193,200.00"},{"v":4193200,"d":"4,193,200.00"},{"v":4193200,"d":"4,193,200.00"}]
[null,"229 其他运转类","水利科研技术管理经费","本级",{"v":2000000,"d":"2,000,000.00"},{"v":2000000,"d":"2,000,000.00"},{"v":2000000,"d":"2,000,000.00"}]
[null,"311 专项业务类","水资源和水土保持管理经费","本级",{"v":2193200,"d":"2,193,200.00"},{"v":2193200,"d":"2,193,200.00"},{"v":2193200,"d":"2,193,200.00"}]
["合计","",null,null,{"v":4193200,"d":"4,193,200.00"},{"v":4193200,"d":"4,193,200.00"},{"v":4193200,"d":"4,193,200.00"}]